Communes françaises en Saint/s/e/es - Statistiques

Statistiques générales
  • Ce quiz a été pris 473 fois
  • Le résultat moyen est 226 sur 3554
Statistiques - réponses
% Correct
Saint Jean
87%
Saint Pierre
82%
Saint Paul
80%
Saint Denis
78%
Saint Etienne
78%
Saint Lo
77%
Sainte Marie
76%
Saint Mary
76%
Saint Martin
73%
Saint
71%
Saint Malo
67%
Saint Michel
67%
Saint Louis
66%
Saint Andre
65%
Sainte Julie
65%
Saint Marcel
65%
Saint Jacques
64%
Saint Maur
64%
Saint Germain
63%
Sainte Anne
61%
Saint Laure
61%
Saint Franc
60%
Saint Georges
60%
Saint Julien
60%
Saint Laurent
60%
Saint Brieuc
59%
Saint Luc
59%
Saint Quentin
59%
Saint Francois
58%
Saint Benoit
57%
Saint Maurice
57%
Saint Vincent
56%
Saint Gilles
55%
Saint Bernard
54%
Saint Christophe
54%
Saint Ouen
54%
Saint Nic
53%
Saint Nicolas
53%
Saint Thomas
53%
Saint Cyr
52%
Saint Nazaire
52%
Saint Claud
51%
Saint Just
51%
Saint Max
51%
Saint Sebastien
51%
Saint Antoine
50%
Saintes
50%
Saint Amand
49%
Saint Didier
49%
Saint Hilaire
49%
Saint Dizier
48%
Saint Josse
48%
Saint Remy
48%
Saint Rome
48%
Saint Joseph
47%
Sainte Maxime
47%
Saint Alban
46%
Saint Claude
46%
Saint Cloud
46%
Saint Leon
46%
Saint Philippe
46%
Saint Aubin
45%
Sainte Genevieve
45%
Saint Romain
45%
Saint Clement
44%
Saint Victor
44%
Saint Phal
43%
Saint Clair
42%
Saint Germain En Laye
42%
Saint Sulpice
42%
Sainte Catherine
41%
Saint Loup
41%
Saint Marcellin
41%
Saint Raphael
41%
Saint Sauveur
41%
Sainte Croix
40%
Saint Helen
40%
Saint Mathieu
40%
Sainte Mere
40%
Saint Simon
40%
Saint Alexandre
39%
Sainte Cecile
39%
Saint Florent
39%
Saint Jean De Luz
39%
Saint Justin
39%
Saint Medard
39%
Saint Thierry
39%
Saint Aignan
38%
Sainte Foy
38%
Sainte Rose
38%
Saint Gervais
37%
Saint Herblain
37%
Saint Leu
37%
Sainte Paule
37%
Saint Pere
37%
Saint Tropez
37%
Saint Valery
37%
Saint Agne
36%
Saint Augustin
36%
Saint Cyprien
36%
Sainte Helene
36%
Sainte Suzanne
36%
Saint Symphorien
36%
Saint Amour
35%
Saint Ave
35%
Saint Chamond
35%
Sainte Christine
35%
Saint Etienne Du Rouvray
35%
Saint Omer
35%
Saint Bon
34%
Saint Gal
34%
Saint Leger
34%
Saint Leonard
34%
Sainte Marguerite
34%
Saintes Maries De La Mer
34%
Saint Maximin
34%
Saint Patrice
34%
Saint Robert
34%
Saint | Sainte Seve
34%
Sainte Agnes
33%
Saint Gaudens
33%
Saint Jean De Maurienne
33%
Saint Jean Pied De Port
33%
Saint Blin
32%
Saint Die Des Vosges
32%
Saint Felix
32%
Saint Flour
32%
Saint Gilles Croix De Vie
32%
Saint Girons
32%
Saint Honore
32%
Saint Hubert
32%
Sainte Luce
32%
Saint Maur Des Fosses
32%
Sainte Maure
32%
Saint Pol De Leon
32%
Saint Sever
32%
Saint Thibault
32%
Saint Arnoult
31%
Saint Barthelemy
31%
Saint Bonnet
31%
Saint Brice
31%
Saint Jean D'Angely
31%
Saint Julien En Genevois
31%
Saint Junien
31%
Sainte Marthe
31%
Saint Mery
31%
Saint Nectaire
31%
Saint Satur
31%
Saint Saturnin
31%
Saint Savin
31%
Saint Urbain
31%
Saint Valentin
31%
Saint Avold
30%
Saint Brevin Les Pins
30%
Saint Come
30%
Saint Emilion
30%
Saint Firmin
30%
Saint Gregoire
30%
Sainte Menehould
30%
Saint Palais
30%
Saint Pierre Des Corps
30%
Saints
30%
Saint Amand Montrond
29%
Saint Christol
29%
Sainte Colombe
29%
Sainte Florence
29%
Saint Gildas
29%
Saint Mande
29%
Saint Remy De Provence
29%
Saint Vallier
29%
Saint Yan
29%
Saint Angel
28%
Saint Ay
28%
Saint Clar
28%
Saint Florentin
28%
Saint Maixent
28%
Saint Mard
28%
Sainte Mere Eglise
28%
Saint Pons
28%
Saint Priest
28%
Saint Veran
28%
Saint Agnan
27%
Saint Antonin
27%
Saint Armel
27%
Saint Esprit
27%
Saint Fort
27%
Saint Guillaume
27%
Saint Lary
27%
Saint Mihiel
27%
Saint Ours
27%
Saint Pair
27%
Saint Renan
27%
Saint Sebastien Sur Loire
27%
Saint Sylvain
27%
Saint Vivien
27%
Saint Zacharie
27%
Sainte Agathe
26%
Saint Amandin
26%
Saint Amand Les Eaux
26%
Saint Basile
26%
Sainte Eulalie
26%
Sainte Gemme
26%
Sainte Genevieve Des Bois
26%
Saint Georges De Didonne
26%
Saint Germain Des Pres
26%
Saint Hilaire De Riez
26%
Saint Jacques De La Lande
26%
Saint Martial
26%
Saint Meen
26%
Saint Michel Chef Chef
26%
Sainte Pazanne
26%
Saint Roch
26%
Saint Simeon
26%
Saint Trojan
26%
Saint Vincent De Paul
26%
Saint Vit
26%
Saint Andre De Cubzac
25%
Sainte Anne D'Auray
25%
Saint Aubert
25%
Saint Eloy
25%
Saint Genest
25%
Saint Macaire
25%
Saint Adrien
24%
Saint Ambroix
24%
Saint Astier
24%
Saint Avertin
24%
Saint Calais
24%
Sainte Christie
24%
Saint Colomban
24%
Saint Cyr Sur Mer
24%
Saint Denis D'Oleron
24%
Saint Fargeau
24%
Saint Fiacre
24%
Saint Gobain
24%
Sainte Hermine
24%
Saint Jacut De La Mer
24%
Saint Jammes
24%
Sainte Juliette
24%
Saint Meen Le Grand
24%
Sainte Olive
24%
Saint Pantaleon
24%
Saint Pierre D'Oleron
24%
Saint Pois
24%
Saint Poix
24%
Sainte Radegonde
24%
Saint Sorlin
24%
Saint Valery En Caux
24%
Saint Xandre
24%
Saint Yorre
24%
Saint Yvi
24%
Saint Avit
23%
Sainte Blandine
23%
Saint Cirq
23%
Saint Clement Des Baleines
23%
Saint Cyr L'Ecole
23%
Saint Donat
23%
Saint Elie
23%
Sainte Florine
23%
Saint Jacut Les Pins
23%
Saint James
23%
Saint Juery
23%
Sainte Marie Aux Mines
23%
Sainte Marie De Re
23%
Saint Mathurin
23%
Saint Medard En Jalles
23%
Saint Paulien
23%
Saint Rambert D'Albon
23%
Saint Servais
23%
Saint Thurial
23%
Saint Thuriau
23%
Saint Tugdual
23%
Saint Victoret
23%
Saint Affrique
22%
Saint Agathon
22%
Saint Agnant
22%
Saint Amans
22%
Saint Bihy
22%
Sainte Brigitte
22%
Saint Eloi
22%
Saint Estephe
22%
Saint Eustache
22%
Sainte Foy La Grande
22%
Saint Front
22%
Saint Froult
22%
Saint Geniez
22%
Saint Georges D'Oleron
22%
Saint Guilhem Le Desert
22%
Saint Herve
22%
Saint Jean Brevelay
22%
Saint Jean D'Illac
22%
Saint Jouin
22%
Saint Laurs
22%
Saint Lizier
22%
Saint Lunaire
22%
Saint Lys
22%
Saint Magne
22%
Saint Mards
22%
Saint Martin De Re
22%
Saint Orens
22%
Saint Pair Sur Mer
22%
Saint Palais Sur Mer
22%
Saint Paul Trois Chateaux
22%
Saint Pere En Retz
22%
Saint Pierre Quiberon
22%
Saint Pourcain Sur Sioule
22%
Saint Quay Portrieux
22%
Saint Quentin Fallavier
22%
Saint Sigismond
22%
Saint Thurien
22%
Saint Trojan Les Bains
22%
Saint Urcize
22%
Saint Valerien
22%
Saint Valery Sur Somme
22%
Saint Vincent De Tyrosse
22%
Saint Vran
22%
Saint Vulbas
22%
Saint Agreve
21%
Saint Arnoult En Yvelines
21%
Sainte Bazeille
21%
Saint Beauzeil
21%
Saint Cosme
21%
Saint Coulomb
21%
Saint Elix
21%
Saint Esteve
21%
Saint Gaultier
21%
Saint Genies
21%
Saint Geraud
21%
Saint Hippolyte
21%
Saint Maixent L'Ecole
21%
Saint Martin En Haut
21%
Saint May
21%
Saint Meard
21%
Sainte Meme
21%
Sainte Mesme
21%
Saint Mesmin
21%
Sainte Nathalene
21%
Saint Pabu
21%
Saint Paul Les Dax
21%
Saint Pern
21%
Sainte Pexine
21%
Saint Philbert De Grand Lieu
21%
Saint Privat
21%
Saint Quay Perros
21%
Saint Riquier
21%
Saint Vaury
21%
Saint Yrieix La Perche
21%
Saint Abraham
20%
Saint Agnet
20%
Saint Ail
20%
Saint Andre De La Roche
20%
Saint Andre Les Alpes
20%
Sainte Anne Sur Brivet
20%
Saint Antonin Noble Val
20%
Saint Caradec
20%
Saint Chef
20%
Saint Chinian
20%
Saint Ciers Sur Gironde
20%
Saint Cirq Lapopie
20%
Saint Crepin
20%
Sainte Croix Du Verdon
20%
Sainte Eanne
20%
Saint Egreve
20%
Saint Eloy Les Mines
20%
Saint Etienne De Montluc
20%
Saint Etienne De Tinee
20%
Sainte Fortunade
20%
Saint Galmier
20%
Saint Gely Du Fesc
20%
Saint Gildas De Rhuys
20%
Saint Gildas Des Bois
20%
Saint Honore Les Bains
20%
Saint Jans Cappel
20%
Saint Jean Kerdaniel
20%
Saint Julien Chapteuil
20%
Saint Laurent Medoc
20%
Saint Laurent Sur Sevre
20%
Sainte Livrade
20%
Saint Lye
20%
Saint Maime
20%
Saint Martinien
20%
Saint Martin Vesubie
20%
Saint Mayeux
20%
Saint Michel En Greve
20%
Saint Molf
20%
Saint Nolff
20%
Saint Pancrace
20%
Saint Pardoux
20%
Sainte Sabine
20%
Saint Sauveur Le Vicomte
20%
Saint Savournin
20%
Saint Severin
20%
Saint Soulan
20%
Saint Sylvestre
20%
Saint Uze
20%
Saint Vaast La Hougue
20%
Saint Victeur
20%
Saint Aigulin
19%
Saint Allouestre
19%
Saint Andeol
19%
Saint Aubin D'Aubigne
19%
Saint Aubin Sur Mer
19%
Saint Barnabe
19%
Saint Bauzille De Putois
19%
Saint Cere
19%
Saint Chely D'Apcher
19%
Saint Crespin
19%
Saint Elier
19%
Saint Eliph
19%
Sainte Enimie
19%
Saint Ennemond
19%
Saint Fergeux
19%
Saint Fraimbault
19%
Saint Gatien Des Bois
19%
Sainte Gemme La Plaine
19%
Saint Genis Laval
19%
Saints Geosmes
19%
Saint Hilaire De Villefranche
19%
Saint Hilaire Du Harcouet
19%
Saint Hilaire La Palud
19%
Saint Ismier
19%
Saint Jean De Liversay
19%
Saint Julien Du Verdon
19%
Saint Laurent Du Var
19%
Saint Leons
19%
Sainte Luce Sur Loire
19%
Saint Marcouf
19%
Sainte Marie A Py
19%
Saint Medard D'Aunis
19%
Saint Mitre Les Remparts
19%
Saint Nicolas Du Pelem
19%
Saint Paterne
19%
Saint Paul Les Durance
19%
Saint Philbert De Bouaine
19%
Saint Pierre Des Nids
19%
Saint Pierre En Port
19%
Saint Prix
19%
Saint Quentin La Poterie
19%
Saint Romain De Colbosc
19%
Saint Savinien
19%
Sainte Severe
19%
Saint Sornin
19%
Saint Sulpice Les Feuilles
19%
Sainte Suzanne Et Chammes
19%
Saint Vrain
19%
Saint Yon
19%
Saint Yrieix Sur Charente
19%
Saint Acheul
18%
Sainte Adresse
18%
Saint Amand En Puisaye
18%
Saint Andre Les Vergers
18%
Saint Angeau
18%
Saint Aout
18%
Saint Appolinaire
18%
Saint Benin
18%
Saint Berain
18%
Sainte Cecile Les Vignes
18%
Saint Denis Sur Sarthon
18%
Sainte Engrace
18%
Saint Evarzec
18%
Saint Ferreol
18%
Sainte Feyre
18%
Saint Georges Sur Eure
18%
Saint Geours De Maremne
18%
Saint Germain Des Fosses
18%
Saint Gor
18%
Saint Jean De Bournay
18%
Saint Julien En Born
18%
Saint Lambert
18%
Saint Laurent Du Verdon
18%
Saint Leomer
18%
Saint Lucien
18%
Sainte Lunaise
18%
Saint Lyphard
18%
Saint Mamet
18%
Saint Martin En Bresse
18%
Saint Martory
18%
Saint Meloir Des Ondes
18%
Saint Mont
18%
Saint Pierre Du Chemin
18%
Saint Pierre En Val
18%
Saint Pol Sur Ternoise
18%
Saint Quirin
18%
Saint Seine
18%
Saint Simeon De Bressieux
18%
Saint Varent
18%
Saint Victurnien
18%
Saint Alban Sur Limagnole
17%
Saint Andre Des Eaux
17%
Saint Bazile
17%
Saint Beauzile
17%
Saint Beauzire
17%
Saint Berthevin
17%
Saint Bonnet Le Chateau
17%
Saint Broing
17%
Saint Carne
17%
Saint Chaptes
17%
Saint Christophe Du Ligneron
17%
Saint Denis De Pile
17%
Saint Desir
17%
Saint Donat Sur L'Herbasse
17%
Saint Erme Outre Et Ramecourt
17%
Saint Etienne Du Gres
17%
Saint Eugene
17%
Saint Fulgent
17%
Saint Genis De Saintonge
17%
Saint Georges Sur Loire
17%
Saint Gery
17%
Saint Gorgon
17%
Saint Guen
17%
Saint Guyomard
17%
Saint Hellier
17%
Saint Hilaire Des Loges
17%
Saint Hilaire Du Rosier
17%
Sainte Honorine Des Pertes
17%
Saint Jean Du Gard
17%
Saint Jouin Bruneval
17%
Saint Jurs
17%
Saint Loup Sur Semouse
17%
Sainte Magnance
17%
Saint Michel Le Cloucq
17%
Saint More
17%
Saint Nauphary
17%
Saint Nicolas D'Aliermont
17%
Sainte Ouenne
17%
Saint Parres Les Vaudes
17%
Saint Paterne Racan
17%
Saint Paul Sur Ubaye
17%
Saint Perdon
17%
Saint Porchaire
17%
Saint Pourcain Sur Besbre
17%
Saint Puy
17%
Saint Saens
17%
Saint Saturnin Les Apt
17%
Saint Sauveur D'Emalleville
17%
Saint Sernin
17%
Sainte Sigolene
17%
Sainte Solange
17%
Sainte Soulle
17%
Sainte Tulle
17%
Saint Vigor
17%
Saint Vincent Les Forts
17%
Saint Vivien De Medoc
17%
Saint Adjutory
16%
Saint Amans Soult
16%
Sainte Barbe
16%
Saint Benoit Sur Loire
16%
Saint Brice En Cogles
16%
Saint Caradec Tregomel
16%
Sainte Croix Hague
16%
Saint Didier Sur Chalaronne
16%
Saint Etienne Du Valdonnez
16%
Sainte Eulalie En Born
16%
Saint Fiel
16%
Sainte Foi
16%
Saint Germain Des Champs
16%
Saint Germe
16%
Saint Grave
16%
Saint Helier
16%
Saint Hilliers
16%
Saint Jean De Fos
16%
Saint Jean De Monts
16%
Saint Jeannet
16%
Saint Laurent Des Vignes
16%
Saint Leonard De Noblat
16%
Sainte Livrade Sur Lot
16%
Saint Marceau
16%
Saint Martin Lacaussade
16%
Saint Michel L'Observatoire
16%
Sainte Reine
16%
Saint Remy Sur Bussy
16%
Saint Remy Sur Durolle
16%
Saint Roman
16%
Saint Rome De Cernon
16%
Saint Sauveur En Puisaye
16%
Saint Thibault Des Vignes
16%
Saint Urbain Maconcourt
16%
Saint Usuge
16%
Saint Vert
16%
Saint Amour Bellevue
15%
Sainte Anastasie
15%
Saint Andiol
15%
Saint Appolinard
15%
Saint Aubin Le Vertueux
15%
Saint Aulaye Puymangou
15%
Saint Cesaire
15%
Saint Desire
15%
Saint Diery
15%
Saint Etienne De Lugdares
15%
Saint Etienne Les Orgues
15%
Saint Eusebe
15%
Saint Felicien
15%
Saint Georges Des Groseillers
15%
Saint Gereon
15%
Saint Germainmont
15%
Saint Gervais Les Trois Clochers
15%
Saint Gobert
15%
Saint Jean Cap Ferrat
15%
Saint Jean Le Vieux
15%
Saint Julien Du Sault
15%
Saint Julien L'Ars
15%
Saint Just En Chaussee
15%
Saint Just La Pendue
15%
Saint Laurent De La Pree
15%
Saint Lery
15%
Saint Leu D'Esserent
15%
Saint Maclou
15%
Saint Marc Le Blanc
15%
Saint Mars Du Desert
15%
Saint Maurice Sur Aveyron
15%
Saint M'Hervon
15%
Saint Nazaire Le Desert
15%
Saint Nicolas De Port
15%
Saint Paul En Foret
15%
Saint Pompain
15%
Saint Quentin De Baron
15%
Sainte Radegonde Des Noyers
15%
Saint Suliac
15%
Saint Abit
14%
Saint Albain
14%
Saint Antonin Du Var
14%
Saint Benoit Sur Seine
14%
Saint Branchs
14%
Saint Briac Sur Mer
14%
Saint Chamas
14%
Saint Connan
14%
Saint Etienne Sur Chalaronne
14%
Saint Felix Lauragais
14%
Sainte Fereole
14%
Saint Flovier
14%
Saint Forgeux
14%
Saint Germain Les Belles
14%
Saint Germer De Fly
14%
Saint Geron
14%
Saint Gerons
14%
Saint Hippolyte Du Fort
14%
Saint Jean De Braye
14%
Saint Just En Chevalet
14%
Saint Laurent Sur Gorre
14%
Saint Leger Sous Beuvray
14%
Saint Leonard Des Bois
14%
Saint Lin
14%
Saint Mandrier Sur Mer
14%
Saint Martin D'Oney
14%
Sainte Maure De Touraine
14%
Saint Maurice Aux Riches Hommes
14%
Saint Morel
14%
Saint Nabor
14%
Saint Pantaleon Les Vignes
14%
Saint Pere Sur Loire
14%
Saint Point
14%
Saint Projet
14%
Saint Samson
14%
Saint Saud Lacoussiere
14%
Saint Saulge
14%
Saint Sever Calvados
14%
Saint Sixt
14%
Sainte Soline
14%
Saint Usage
14%
Saint Viaud
14%
Saint Vincent Des Landes
14%
Saint Ame
13%
Saint Andre De L'Epine
13%
Saint Boil
13%
Saint Bonnet Sur Gironde
13%
Saint Broladre
13%
Saint Cannat
13%
Saint Cast Le Guildo
13%
Saint Cernin
13%
Saint Cezaire Sur Siagne
13%
Saint Cheron
13%
Saint Denis D'Anjou
13%
Saint Denis De L'Hotel
13%
Saint Dizant Du Gua
13%
Saint Dolay
13%
Saint Domineuc
13%
Saint Ellier Du Maine
13%
Saint Epain
13%
Saint Etienne Au Mont
13%
Saint Etienne De Vicq
13%
Saint Ferme
13%
Saint Firmin Des Pres
13%
Saint Folquin
13%
Saint Fregant
13%
Saint Glen
13%
Saint Goazec
13%
Saint Inglevert
13%
Saint Jal
13%
Saint Jean De Sauves
13%
Saint Julien Les Metz
13%
Saint Laurent Nouan
13%
Saint Leger Des Bois
13%
Saint Lupicin
13%
Saint Mamert
13%
Saint Mamet La Salvetat
13%
Saint Nabord
13%
Saint Pierre De Cormeilles
13%
Saint Pont
13%
Sainte Vertu
13%
Saint Waast
13%
Saint Aignan Le Jaillard
12%
Saint Antoine De Breuilh
12%
Saint Blancard
12%
Saint Brancher
12%
Saint Contest
12%
Saint Desert
12%
Saint Didier En Velay
12%
Saint Edmond
12%
Saint Etienne Du Bois
12%
Saint Firmin Des Bois
12%
Saint Florent Sur Cher
12%
Saint Ganton
12%
Sainte Gemmes
12%
Saint Hilaire De Loulay
12%
Saint Jacques Des Blats
12%
Saint Jean Le Thomas
12%
Saint Julien Les Villas
12%
Saint Just Sauvage
12%
Saint Lions
12%
Saint Loube
12%
Saint Lubin Des Joncherets
12%
Saint Martin De Seignanx
12%
Saint Martin D'Estreaux
12%
Saint Memmie
12%
Saint Mexant
12%
Sainte Opportune
12%
Saint Perreux
12%
Saint Planchers
12%
Saint Reverend
12%
Saint Riquier Es Plains
12%
Sainte Severe Sur Indre
12%
Saint Agoulin
11%
Saint Aubin Routot
11%
Saint Auvent
11%
Saint Caprais
11%
Saint Cassien
11%
Saint Charles La Foret
11%
Saint Christ Briost
11%
Saint Christophe Du Foc
11%
Saint Clet
11%
Sainte Colombe La Commanderie
11%
Saint Floxel
11%
Saint Fraimbault De Prieres
11%
Saint Gence
11%
Saint Georges Des Coteaux
11%
Saint Germain Laval
11%
Sainte Jalle
11%
Saint Jean De Beauregard
11%
Saint Jean De Daye
11%
Saint Laurent En Grandvaux
11%
Saint Laurent Sur Mer
11%
Saint Loubes
11%
Saint Loup Hors
11%
Saint Martin D'Heres
11%
Saint Martin Osmonville
11%
Saint Maurin
11%
Saint Moreil
11%
Saint Nicolas De La Taille
11%
Saint Paul Des Landes
11%
Saint Pierre Des Ifs
11%
Saint Pierre Sur Dives
11%
Saint Point Lac
11%
Saint Seine L'Abbaye
11%
Saint Servant
11%
Saint Utin
11%
Saint Ybard
11%
Saint Aignan De Couptrain
10%
Saint Andre D'Hebertot
10%
Saint Andre Goule D'Oie
10%
Sainte Austreberthe
10%
Saint Baudel
10%
Saint Blaise
10%
Saint Boes
10%
Saint Brandan
10%
Saint Broing Les Moines
10%
Saint Cirgue
10%
Saint Cirgues
10%
Saint Clair Sur Epte
10%
Saint Cyr Les Colons
10%
Saint Denis De Gastines
10%
Saint Denis Les Sens
10%
Saint Didier Des Bois
10%
Saint Eulien
10%
Saint Fons
10%
Saint Fort Sur Gironde
10%
Saint Georges Les Baillargeaux
10%
Saint Germain Sur Ay
10%
Saint Gorgon Main
10%
Saint Hilaire Les Andresis
10%
Saint Hymer
10%
Saint Jacques D'Aliermont
10%
Saint Jean Du Falga
10%
Saint Julien Sur Sarthe
10%
Saint Just Luzac
10%
Saint Laurent Blangy
10%
Saint Leger Vauban
10%
Saint Lo D'Ourville
10%
Saint Lothain
10%
Saint Loup Des Vignes
10%
Saint Macoux
10%
Saint Maigner
10%
Saint Maixant
10%
Saint Malo De Beignon
10%
Saint Malo De La Lande
10%
Saint Malon Sur Mel
10%
Saint Mesmes
10%
Saint Michel En L'Herm
10%
Saint Omer En Chaussee
10%
Saint Paer
10%
Saint Pathus
10%
Saint Patrice Du Desert
10%
Saint Philbert Du Peuple
10%
Saint Pierre De Coutances
10%
Saint Quentin Sur Le Homme
10%
Saint Remeze
10%
Saint Rogatien
10%
Saint Romain De Benet
10%
Sainte Scolasse Sur Sarthe
10%
Saint Seine En Bache
10%
Saint Symphorien Des Bruyeres
10%
Saint Trinit
10%
Saint Trivier De Courtes
10%
Saint Vaast Dieppedalle
10%
Saint Vigor D'Ymonville
10%
Saint Vigor Le Grand
10%
Saint Yrieix Le Dejalat
10%
Saint Amant De Boixe
9%
Saint Andre De L'Eure
9%
Saint Antonin De Sommaire
9%
Saint Aquilin
9%
Saint Aubin Du Cormier
9%
Saint Benin D'Azy
9%
Saint Bomer
9%
Saint Chamarand
9%
Saint Christophe Du Jambet
9%
Saint Cyr Sur Menthon
9%
Saint Denis D'Orques
9%
Sainte Euphemie
9%
Saint Eustache La Foret
9%
Saint Gabriel Brecy
9%
Sainte Gemmes Le Robert
9%
Saint Germain Des Bois
9%
Saint Gratien
9%
Sainte Helene Bondeville
9%
Saint Hilaire De Briouze
9%
Saint Hilaire Le Petit
9%
Saint Jean De La Riviere
9%
Saint Jean Du Thenney
9%
Saint Jean Sur Mayenne
9%
Saint Jouin De Blavou
9%
Saint Juvin
9%
Saint Laurent De Ceris
9%
Saint Leger De Rotes
9%
Saint Loup En Champagne
9%
Saint Lye La Foret
9%
Sainte Marguerite De Carrouges
9%
Sainte Marguerite Sur Mer
9%
Saint Marsal
9%
Saint Martin De Crau
9%
Saint Martin De La Lieue
9%
Saint Martin Des Champs
9%
Saint Martin Des Entrees
9%
Saint Martin Le Gaillard
9%
Saint Maulvis
9%
Saint Maurice Colombier
9%
Saint Michel Tuboeuf
9%
Saint Nicolas De Redon
9%
Saint Nicolas Du Tertre
9%
Saint Nizier Le Bouchoux
9%
Sainte Opportune Du Bosc
9%
Saint Ouen L'Aumone
9%
Saint Parize Le Chatel
9%
Saint Pereuse
9%
Saint Philibert
9%
Saint Pierre Langers
9%
Saint Plaisir
9%
Saint Plantaire
9%
Saint Prest
9%
Saint Rirand
9%
Sainte Sabine Sur Longeve
9%
Saint Sebastien De Raids
9%
Saint Souplet
9%
Saint Thomas En Argonne
9%
Saint Vaast En Auge
9%
Saint Venant
9%
Sainte Agathe D'Aliermont
8%
Saint Agil
8%
Saint Aquilin De Corbion
8%
Saint Aubin Sur Scie
8%
Saint Barthelemy D'Anjou
8%
Sainte Beuve En Riviere
8%
Saint Bomer Les Forges
8%
Saint Bris Le Vineux
8%
Saint Brisson
8%
Saint Calais Du Desert
8%
Saint Caprais De Bordeaux
8%
Saint Christophe En Champagne
8%
Saint Christophe Sur Conde
8%
Saint Clement A Arnes
8%
Saint Cosme En Vairais
8%
Saint Crepin Ibouvillers
8%
Sainte Croix Sur Mer
8%
Saint Denis D'Aclon
8%
Saint Denis De Mere
8%
Saint Denis Les Bourg
8%
Saint Denoeux
8%
Saint Floris
8%
Saint Hilaire Le Grand
8%
Saint Jean De Verges
8%
Saint Julien De Concelles
8%
Saint Leger Sur Sarthe
8%
Saint Longis
8%
Saint Manvieu Norrey
8%
Sainte Marie Du Mont
8%
Saint Mars D'Egrenne
8%
Saint Martin L'Heureux
8%
Saint Maurice Des Lions
8%
Saint Maurice D'Etelan
8%
Saint Menoux
8%
Saint Michel Sur Ternoise
8%
Sainte Mondane
8%
Saint Nicodeme
8%
Saint Ouen Des Champs
8%
Saint Paul De Vence
8%
Saint Pierre Azif
8%
Saint Pierre Des Landes
8%
Saint Pierre D'Exideuil
8%
Saint Pierre La Cour
8%
Saint Pierre La Garenne
8%
Saint Pierre Le Moutier
8%
Saint Polycarpe
8%
Saint Pouange
8%
Saint Prive
8%
Saint Saire
8%
Saint Sauveur D'Aunis
8%
Saint Sauveur Lendelin
8%
Saint Senier Sous Avranches
8%
Saint Senoux
8%
Saint Sernin Du Bois
8%
Saint Soupplets
8%
Saint Sulpice De Cognac
8%
Saint Supplet
8%
Saint Sylvestre Cappel
8%
Saint Symphorien Des Bois
8%
Saint Thibaut
8%
Saint Thurin
8%
Saint Verand
8%
Saint Viance
8%
Saint Andre De Messei
7%
Saint Ange Le Viel
7%
Saint Apollinaire
7%
Saint Aubin Des Preaux
7%
Saint Aubin Le Cauf
7%
Saint Bonnet Des Bruyeres
7%
Saint Bonnet Troncais
7%
Sainte Colombe Sur Loing
7%
Saint Denis D'Augerons
7%
Saint Didier Sur Beaujeu
7%
Saint Etienne Au Temple
7%
Saint Etienne La Thillaye
7%
Saint Exupery
7%
Sainte Foy Les Lyon
7%
Saint Gengoux De Scisse
7%
Saint Georges De Reintembault
7%
Saint Hilaire Des Landes
7%
Saint Hilaire Lez Cambrai
7%
Saint Jacques Des Arrets
7%
Saint Julien De Civry
7%
Saint Julien Sur Veyle
7%
Saint Laurent De Cognac
7%
Saint Leger Du Bois
7%
Saint Leonard Des Parcs
7%
Sainte Lheurine
7%
Saint Loup D'Ordon
7%
Saint Mards De Blacarville
7%
Saint Marien
7%
Saint Mars La Jaille
7%
Saint Martin Boulogne
7%
Saint Martin De La Mer
7%
Saint Martin De Londres
7%
Saint Martin Du Mont
7%
Saint Martin Le Vieux
7%
Saint Maurice Sous Les Cotes
7%
Sainte Opportune La Mare
7%
Saint Patrice De Claids
7%
Saint Paulet
7%
Saint Pe De Bigorre
7%
Saint Pierre Le Vieux
7%
Saint Saturnin Les Avignon
7%
Saint Saulve
7%
Saint Sauveur La Pommeraye
7%
Saint Sulpice Sur Risle
7%
Saint Vincent Des Bois
7%
Saint Vincent Des Pres
7%
Saint Vincent Sur Jabron
7%
Saint Andre En Bresse
6%
Saint Aubin Du Desert
6%
Saint Aubin Sur Yonne
6%
Saint Beat
6%
Saint Ceneri Le Gerei
6%
Saint Cyr De Salerne
6%
Saint Divy
6%
Saint Doulchard
6%
Saint Evroult Notre Dame Du Bois
6%
Saint Fromond
6%
Saint Georges Buttavent
6%
Saint Georges De Poisieux
6%
Saint Germain De Livet
6%
Saint Germain Du Pert
6%
Saint Gervais Les Bains
6%
Saint Gibrien
6%
Saint Hilaire Le Chatel
6%
Saint Hilaire Sous Charlieu
6%
Sainte Jamme Sur Sarthe
6%
Saint Jean Des Mauvrets
6%
Saint Julia
6%
Saint Laon
6%
Saint Lary Soulan
6%
Saint Laurent Du Maroni
6%
Sainte Marguerite Sur Duclair
6%
Sainte Marguerite Sur Fauville
6%
Saint Martin Choquel
6%
Saint Melaine Sur Aubance
6%
Saint Michel Sur Orge
6%
Saint Oulph
6%
Saint Pierre De Bailleul
6%
Saint Pierre Les Etieux
6%
Saint Racho
6%
Saint Remy Des Monts
6%
Saint Saturnin Du Bois
6%
Saint Seine Sur Vingeanne
6%
Saint Serotin
6%
Saint Sixte
6%
Saint Sulpice Des Landes
6%
Saint Vincent Du Boulay
6%
Saint Witz
6%
Saint Amand Longpre
5%
Saint Andeux
5%
Saint Andre D'Huiriat
5%
Saint Andre Sur Vieux Jonc
5%
Saint Aubin Les Elbeuf
5%
Saint Aubin Sur Loire
5%
Saint Benigne
5%
Saint Christol Les Ales
5%
Saint Cyr Au Mont D'Or
5%
Saint Cyr Sur Loire
5%
Saint Didier Au Mont D'Or
5%
Saint Didier En Bresse
5%
Saint Etienne De Baigorry
5%
Saint Etienne En Bresse
5%
Saint Georges De Chesne
5%
Saint Georges Du Bois
5%
Saint Germain De La Coudre
5%
Saint Germain Des Vaux
5%
Saint Germain De Tournebut
5%
Saint Germain Du Plain
5%
Saint Germain La Campagne
5%
Saint Germain La Montagne
5%
Saint Germain La Ville
5%
Saint Germain Le Vasson
5%
Saint Gregoire Du Vievre
5%
Sainte Honorine De Ducy
5%
Sainte Honorine Du Fay
5%
Saint Igny De Roche
5%
Saint Jacques Sur Darnetal
5%
Saint Jean De La Ruelle
5%
Saint Joachim
5%
Saint Juan
5%
Saint Julien Le Faucon
5%
Saint Leger Des Vignes
5%
Saint Leger Sous La Bussiere
5%
Saint Martin D'Aubigny
5%
Saint Martin De Valamas
5%
Saint Martin Du Tertre
5%
Saint Maurice De Satonnay
5%
Saint Maurice En Cotentin
5%
Saint Maurice Les Charencey
5%
Saint Michel De Maurienne
5%
Saint Ouen Du Breuil
5%
Saint Ouen En Brie
5%
Saint Ouen Le Mauger
5%
Saint Pee Sur Nivelle
5%
Saint Philbert Des Champs
5%
Saint Pierre Benouville
5%
Saint Pierre La Noaille
5%
Saint Pierre Les Elbeuf
5%
Saint Priest En Jarez
5%
Saint Samson De La Roque
5%
Sainte Savine
5%
Saint Sebastien De Morsent
5%
Sainte Therence
5%
Saint Vaast Sur Seulles
5%
Saint Victor De Buthon
5%
Saint Victor De Chretienville
5%
Saint Andre Lez Lille
4%
Saint Aubin D'Ecrosville
4%
Saint Aubin Sur Gaillon
4%
Saint Bonnet En Bresse
4%
Saint Brice Courcelles
4%
Saint Clair Sur Les Monts
4%
Saint Denis De Cabanne
4%
Saint Didier En Donjon
4%
Saint Donan
4%
Saint Faust
4%
Saint Flavy
4%
Saint Genis Sur Menthon
4%
Saint Genou
4%
Saint Georges D'Esperanche
4%
Saint Georges Sur Baulche
4%
Saint Georges Sur L'Aa
4%
Saint Gerand
4%
Saint Germain D'Ectot
4%
Saint Germain De Marencennes
4%
Saint Germain Sur Seves
4%
Saint Hilaire En Lignieres
4%
Saint Jacques De Nehou
4%
Saint Jean De La Haize
4%
Saint Jean De Vedas
4%
Saint Jean En Royans
4%
Saint Jean Le Blanc
4%
Saint Jouan Des Guerets
4%
Saint Julien Sur Calonne
4%
Saint Laurent En Gatines
4%
Saint Leger De Fougeret
4%
Saint Leger Sur Vouzance
4%
Saint Leu La Foret
4%
Saint Martin Belle Roche
4%
Saint Martin De Fontenay
4%
Saint Martin Des Noyers
4%
Saint Martin Du Lac
4%
Saint Martin Le Beau
4%
Saint Mathieu De Treviers
4%
Saint Maurice Sur Vingeanne
4%
Saint Melany
4%
Saint M'Herve
4%
Saint Nicolas De Pierrepont
4%
Saint Pierre D'Artheglise
4%
Saint Pierre Eglise
4%
Saint Pierre Sur Orthe
4%
Sainte Pole
4%
Saint Pons De Thomieres
4%
Saint Prim
4%
Saint Remy Les Chevreuse
4%
Saint Sauflieu
4%
Saint Sauvant
4%
Saint Sauveur De Pierrepont
4%
Saint Sulpice La Pointe
4%
Saint Symphorien Sur Coise
4%
Saint Vincent Du Lorouer
4%
Saint Vincent En Bresse
4%
Saint Aignan Grandlieu
3%
Saint Amarin
3%
Saint Andre De Corcy
3%
Saint Andre Le Gaz
3%
Saint Antheme
3%
Saint Arnac
3%
Saint Auban
3%
Saint Aubin Des Coudrais
3%
Saint Aubin Du Perron
3%
Saint Aubin En Bray
3%
Saint Avaugourd Des Landes
3%
Saint Bertrand De Comminges
3%
Saint Bonnet De Mure
3%
Saint Bonnet En Champsaur
3%
Saint Bres
3%
Saint Carreuc
3%
Sainte Ceronne Les Mortagne
3%
Saint Chaffrey
3%
Saint Champ
3%
Saint Clair Du Rhone
3%
Saint Clement Des Levees
3%
Saint Congard
3%
Saint Connec
3%
Saint Corneille
3%
Sainte Croix Aux Mines
3%
Saint Denis Les Ponts
3%
Saint Denoual
3%
Saint Derrien
3%
Saint Didier D'Aussiat
3%
Saint Floret
3%
Sainte Foy L'Argentiere
3%
Saint Francois Longchamp
3%
Saint Generoux
3%
Saint Genies De Malgoires
3%
Saint Georges De La Riviere
3%
Saint Georges Du Vievre
3%
Saint Georges Sur Cher
3%
Saint Germain Au Mont D'Or
3%
Saint Germain De Calberte
3%
Saint Germain De Coulamer
3%
Saint Germain De Modeon
3%
Saint Germain De Princay
3%
Saint Germain Du Bois
3%
Saint Germain En Brionnais
3%
Saint Germain Le Chatelet
3%
Saint Germain Le Gaillard
3%
Saint Germain Les Arpajon
3%
Saint Germain L'Herm
3%
Saint Gingolph
3%
Saint Gonlay
3%
Saint Heand
3%
Saint Hernin
3%
Saint Igeaux
3%
Saint Jean D'Ardieres
3%
Saint Jean De Beugne
3%
Saint Jean De Livet
3%
Saint Jean Des Champs
3%
Saint Jean Du Doigt
3%
Saint Jory
3%
Saint Julien Des Landes
3%
Saint Laurent Des Bois
3%
Saint Laurent Du Mont
3%
Saint Lumine De Coutais
3%
Saint Malo De Guersac
3%
Saint Mammes
3%
Saint Marcel Les Valence
3%
Sainte Marguerite De Viette
3%
Saint Martin D'Ardeche
3%
Saint Martin De Boscherville
3%
Saint Martin De Mailloc
3%
Saint Martin Des Pres
3%
Saint Martin De Valgalgues
3%
Saint Martin Du Vivier
3%
Saint Martin La Garenne
3%
Saint Martin L'Aiguillon
3%
Saint Martin Le Noeud
3%
Saint Maurice Les Chateauneuf
3%
Saint Maurice L'Exil
3%
Saint Maurice Sur Moselle
3%
Saint Nicolas Des Bois
3%
Saint Nom La Breteche
3%
Saint Ouen De Thouberville
3%
Saint Ouen Sur Loire
3%
Saint Paul De Fenouillet
3%
Saint Paul De Varax
3%
Saint Paul Les Romans
3%
Saint Pellerin
3%
Saint Pever
3%
Saint Pierre De Cernieres
3%
Saint Pierre Des Bois
3%
Saint Pierre Du Mont
3%
Saint Privat De Vallongue
3%
Saint Quentin De Blavou
3%
Saint Remy De Sille
3%
Saint Remy Du Val
3%
Saint Romain En Gal
3%
Saint Segal
3%
Saint Sernin Sur Rance
3%
Saint Seurin Sur L'Isle
3%
Saint Sorlin D'Arves
3%
Saint Symphorien D'Ozon
3%
Sainte Terre
3%
Saint Thelo
3%
Saint Thois
3%
Saint Thonan
3%
Sainte Trephine
3%
Saint Trivier Sur Moignans
3%
Saint Ulrich
3%
Saint Viatre
3%
Saint Victor D'Epine
3%
Saint Alban De Roche
2%
Saint Alban Du Rhone
2%
Saint Amadou
2%
Saint Amant Roche Savine
2%
Saint Ambreuil
2%
Saint Andre De Bohon
2%
Saint Andre De Valborgne
2%
Saint Andre Sur Orne
2%
Sainte Anne Sur Vilaine
2%
Saint Antoine L'Abbaye
2%
Saint Aoustrille
2%
Saint Aubin D'Appenai
2%
Saint Aubin De Medoc
2%
Saint Aubin Des Bois
2%
Saint Aubin Des Chateaux
2%
Saint Aubin Des Landes
2%
Saint Aubin De Terregatte
2%
Saint Aubin Fosse Louvain
2%
Saint Aunes
2%
Saint Aventin
2%
Saint Bard
2%
Saint Barthelemy De Vals
2%
Saint Baudelle
2%
Saint Benoist Sur Mer
2%
Saint Benoit Des Ombres
2%
Saint Benoit Des Ondes
2%
Saint Biez En Belin
2%
Saint Bonnet De Cray
2%
Saint Bonnet De Joux
2%
Saint Brice De Landelles
2%
Saint Brice Sous Foret
2%
Saint Brieuc De Mauron
2%
Saint Celerin
2%
Saint Cenere
2%
Saint Chamant
2%
Saint Chely D'Aubrac
2%
Saint Christoly De Blaye
2%
Saint Christophe Des Bois
2%
Saint Christophe En Brionnais
2%
Saint Ciers Du Taillon
2%
Saint Clair Sur L'Elle
2%
Saint Clement Rancoudray
2%
Saint Come D'Olt
2%
Saint Coulitz
2%
Sainte Croix En Jarez
2%
Saint Cyr En Pail
2%
Saint Cyr En Talmondais
2%
Saint Cyr En Val
2%
Saint Cyr Sur Morin
2%
Saint Denis Du Payre
2%
Saint Denis Le Gast
2%
Saint Desirat
2%
Saint Erblon
2%
Saint Etienne De Mer Morte
2%
Saint Etienne Des Champs
2%
Saint Etienne De Tulmont
2%
Saint Etienne Du Gue De L'Isle
2%
Saint Etienne L'Allier
2%
Saint Etienne Les Remiremont
2%
Saint Etienne Sous Barbuise
2%
Saint Etienne Sur Suippe
2%
Saint Etienne Vallee Francaise
2%
Saint Eutrope
2%
Saint Fargeol
2%
Saint Fiacre Sur Maine
2%
Saint Firmin Sur Loire
2%
Sainte Flaive Des Loups
2%
Saint Forgeot
2%
Sainte Foy Tarentaise
2%
Saint Fraigne
2%
Saint Gein
2%
Saint Gelais
2%
Saint Genest Malifaux
2%
Saint Geniez D'Olt Et D'Aubrac
2%
Saint Genis Pouilly
2%
Saint Genix Sur Guiers
2%
Saint Genouph
2%
Saint Geoirs
2%
Saint Georges De Grehaigne
2%
Saint Georges D'Elle
2%
Saint Georges De Luzencon
2%
Saint Georges De Reneins
2%
Saint Georges Du Mesnil
2%
Saint Georges Le Gaultier
2%
Saint Germain De Clairefeuille
2%
Saint Germain Des Essourts
2%
Saint Germain De Varreville
2%
Saint Germain Du Puy
2%
Saint Germain En Cogles
2%
Saint Germain En Montagne
2%
Saint Germain La Blanche Herbe
2%
Saint Germain Les Corbeil
2%
Saint Germain Sur Sarthe
2%
Saint Gervais La Foret
2%
Saint Gilles Les Bois
2%
Saint Gondran
2%
Saint Gonnery
2%
Saint Guinoux
2%
Saint Haon
2%
Saint Hilaire De Brethmas
2%
Saint Hilaire La Foret
2%
Saint Hostien
2%
Saint Illide
2%
Saint Jean Bonnefonds
2%
Saint Jean D'Arves
2%
Saint Jean De Boiseau
2%
Saint Jean De Sixt
2%
Saint Jean La Poterie
2%
Saint Jean Les Buzy
2%
Saint Jeoire
2%
Saint Jorioz
2%
Saint Judoce
2%
Saint Julien Du Terroux
2%
Saint Julien Molin Molette
2%
Saint Junien Les Combes
2%
Saint Just Rambert
2%
Saint Lager
2%
Saint Launeuc
2%
Saint Laurent De Cuves
2%
Saint Laurent De Mure
2%
Saint Laurent Du Pont
2%
Saint Laurent En Brionnais
2%
Saint Laurent En Caux
2%
Saint Laurent Sur Oust
2%
Saint Leger Aux Bois
2%
Saint Leger Les Vignes
2%
Saint Leger Sous Cholet
2%
Sainte Lizaigne
2%
Saint Lormel
2%
Saint Louet Sur Seulles
2%
Saint Loup Geanges
2%
Saint Loup Lamaire
2%
Saint Maden
2%
Saint Maixent Sur Vie
2%
Saint Malo De Phily
2%
Saint Marcan
2%
Saint Marcel D'Ardeche
2%
Saint Marcellin En Forez
2%
Saint Mards De Fresne
2%
Saint Mards En Othe
2%
Sainte Marie Aux Chenes
2%
Sainte Marie De Cuines
2%
Sainte Marie Du Bois
2%
Sainte Marie La Blanche
2%
Sainte Marie Sur Ouche
2%
Saint Mars De Coutais
2%
Saint Martin D'Abbat
2%
Saint Martin D'Ablois
2%
Saint Martin De Bossenay
2%
Saint Martin Des Bois
2%
Saint Martin Des Landes
2%
Saint Martin De Varreville
2%
Saint Martin D'Hardinghem
2%
Saint Martin D'Ordon
2%
Saint Martin Du Fouilloux
2%
Saint Martin Du Tilleul
2%
Saint Martin Lalande
2%
Saint Martin La Plaine
2%
Saint Martin Sur Le Pre
2%
Saint Martin Sur Oust
2%
Saint Martin Valmeroux
2%
Saint Maurice De Lignon
2%
Saint Maurice Navacelles
2%
Saint Maxent
2%
Saint Meloir Des Bois
2%
Saint Michel De La Pierre
2%
Saint Michel Sur Rhone
2%
Saint Morillon
2%
Saint Nizier Le Desert
2%
Saint Onen La Chapelle
2%
Saint Orens De Gameville
2%
Saint Ouen Les Parey
2%
Saint Pal De Mons
2%
Saint Pardoux La Riviere
2%
Saint Paul Cap De Joux
2%
Saint Paul De Jarrat
2%
Saint Paul Du Vernay
2%
Saint Paul Le Gaultier
2%
Saint Pavace
2%
Saint Peran
2%
Saint Peray
2%
Saint Philbert Sur Orne
2%
Saint Pierre D'Albigny
2%
Saint Pierre De Boeuf
2%
Saint Pierre De Chandieu
2%
Saint Pierre De Chartreuse
2%
Saint Pierre D'Entremont
2%
Saint Pierre De Plesguen
2%
Saint Pierre Des Champs
2%
Saint Pierre De Trivisy
2%
Saint Pierre Du Bu
2%
Saint Pierre Du Jonquet
2%
Saint Pierre Du Perray
2%
Saint Pierremont
2%
Saint Potan
2%
Saint Privat Des Pres
2%
Saint Prouant
2%
Saint Quentin Le Verger
2%
Saint Rambert En Bugey
2%
Saint Remy Boscrocourt
2%
Saint Remy De Maurienne
2%
Saint Remy Sous Barbuise
2%
Saint Rieul
2%
Saint Rivoal
2%
Saint Romain Au Mont D'Or
2%
Saint Romain De Popey
2%
Saint Romain En Gier
2%
Saint Romain En Viennois
2%
Saint Romans
2%
Saint Rome De Tarn
2%
Saint Saturnin Du Limet
2%
Saint Sauveur Des Landes
2%
Saint Seglin
2%
Saint Selve
2%
Saint Senier De Beuvron
2%
Saint Sorlin En Valloire
2%
Saint Sornin Lavolps
2%
Saint Sulpice De Royan
2%
Saint Sulpice La Foret
2%
Saint Sulpice Les Champs
2%
Saint Thegonnec Loc Eguiner
2%
Saint Thual
2%
Saint Ulphace
2%
Saint Uniac
2%
Sainte Verge
2%
Saint Vincent Sur Oust
2%
Saint Vougay
2%
Sainte Agathe En Donzy
1%
Sainte Agathe La Bouteresse
1%
Saint Agnan En Vercors
1%
Saint Agnant De Versillat
1%
Saint Agnant Pres Crocq
1%
Saint Aignan De Cramesnil
1%
Saint Aignan Des Gues
1%
Saint Aignan Sur Roe
1%
Saint Aigny
1%
Saint Alban Auriolles
1%
Saint Alban D'Ay
1%
Saint Alban Les Eaux
1%
Saint Alban Leysse
1%
Saint Algis
1%
Saint Alpinien
1%
Saint Alyre D'Arlanc
1%
Saint Amancet
1%
Saint Amand De Vergt
1%
Saint Amand Sur Fion
1%
Saint Amans Des Cots
1%
Saint Andelain
1%
Saint Andeol Le Chateau
1%
Saint Andre D'Allas
1%
Saint Andre D'Apchon
1%
Saint Andre De Bage
1%
Saint Andre De Cruzieres
1%
Saint Andre De Roquelongue
1%
Saint Andre De Rosans
1%
Saint Andre Du Bois
1%
Saint Andre En Morvan
1%
Saint Andre En Terre Plaine
1%
Saint Andre Le Bouchoux
1%
Saint Andre Le Desert
1%
Saint Andre Sur Cailly
1%
Saint Androny
1%
Saint Anthot
1%
Saint Arcons D'Allier
1%
Saint Arey
1%
Saint Arnoult Des Bois
1%
Saint Arroman
1%
Saint Aubin D'Arquenay
1%
Saint Aubin De Bonneval
1%
Saint Aubin De Cretot
1%
Saint Aubin De Locquenay
1%
Saint Aubin De Scellon
1%
Saint Aubin Du Pavail
1%
Saint Aubin Du Thenney
1%
Saint Aubin En Charollais
1%
Saint Aubin La Plaine
1%
Saint Aubin Le Monial
1%
Saint Aubin Les Forges
1%
Saint Aubin Montenoy
1%
Saint Augustin Des Bois
1%
Saint Aulaire
1%
Sainte Aulde
1%
Saint Aunix Lengros
1%
Saint Aupre
1%
Saint Austremoine
1%
Saint Avit Senieur
1%
Saint Avre
1%
Saint Babel
1%
Saint Baldoph
1%
Saint Bandry
1%
Saint Baraing
1%
Saint Barbant
1%
Saint Bardoux
1%
Saint Barthelemy Le Plain
1%
Saint Barthelemy Lestra
1%
Saint Baslemont
1%
Saint Baudille Et Pipet
1%
Saint Bauld
1%
Saint Baussant
1%
Saint Bauzile
1%
Saint Bauzille De Montmel
1%
Saint Beaulize
1%
Saint Beauzely
1%
Saint Benezet
1%
Saint Benoit Du Sault
1%
Saint Benoit La Foret
1%
Saint Berain Sous Sanvignes
1%
Saint Berain Sur Dheune
1%
Saint Beron
1%
Saint Berthevin La Tanniere
1%
Saint Blimont
1%
Saint Bohaire
1%
Saint Boingt
1%
Saint Bonnet De Rochefort
1%
Saint Bonnet De Salers
1%
Saint Bonnet Elvert
1%
Saint Bonnet Le Courreau
1%
Saint Bonnet Le Froid
1%
Saint Bonnot
1%
Saint Bouize
1%
Saint Bresson
1%
Saint Brieuc Des Iffs
1%
Saint Bris Des Bois
1%
Saint Bueil
1%
Saint Calez En Saosnois
1%
Saint Capraise D'Eymet
1%
Sainte Catherine De Fierbois
1%
Sainte Cecile D'Andorge
1%
Saint Ceols
1%
Saint Cergues
1%
Sainte Cerotte
1%
Saint Cezert
1%
Saint Chabrais
1%
Saint Chartier
1%
Saint Chels
1%
Saint Christaud
1%
Saint Christo En Jarez
1%
Saint Christoly Medoc
1%
Saint Christophe De Chaulieu
1%
Saint Christophe De Valains
1%
Saint Christophe Du Luat
1%
Saint Christophe En Bazelle
1%
Saint Christophe En Oisans
1%
Saint Christophe Sur Avre
1%
Saint Cibard
1%
Saint Cierge La Serre
1%
Saint Ciergues
1%
Saint Ciers Champagne
1%
Saint Cirgues De Malbert
1%
Saint Cirice
1%
Saint Civran
1%
Saint Clair De La Tour
1%
Saint Claude De Diray
1%
Saint Clement De La Place
1%
Saint Clement De Riviere
1%
Saint Colomban Des Villards
1%
Saint Colomb De Lauzun
1%
Saint Come De Fresne
1%
Sainte Consorce
1%
Saint Constant Fournoules
1%
Saint Coutant
1%
Saint Crepin Et Carlucet
1%
Saint Cricq
1%
Sainte Croix Du Mont
1%
Sainte Croix En Plaine
1%
Sainte Croix Volvestre
1%
Saint Cybranet
1%
Saint Cyran Du Jambot
1%
Saint Cyr Du Bailleul
1%
Saint Cyr Sous Dourdan
1%
Saint Cyr Sur Le Rhone
1%
Saint Dalmas Le Selvage
1%
Saint Daunes
1%
Saint Deniscourt
1%
Saint Denis De Jouhet
1%
Saint Denis De Mailloc
1%
Saint Denis De Palin
1%
Saint Denis Des Monts
1%
Saint Denis Du Maine
1%
Saint Denis En Bugey
1%
Saint Denis En Val
1%
Saint Denis La Chevasse
1%
Saint Denis Les Rebais
1%
Saint Denis Le Vetu
1%
Saint Denis Sur Loire
1%
Saint Dezery
1%
Saint Didier De Formans
1%
Saint Didier De La Tour
1%
Saint Didier La Foret
1%
Saint Didier Sous Aubenas
1%
Saint Didier Sous Ecouves
1%
Saint Didier Sous Riverie
1%
Saint Didier Sur Arroux
1%
Saint Didier Sur Doulon
1%
Saint Dier D'Auvergne
1%
Saint Dionisy
1%
Saint Dizier L'Eveque
1%
Saint Domet
1%
Saint Dos
1%
Saint Drezery
1%
Saint Dye Sur Loire
1%
Saint Ebremond De Bonfosse
1%
Saint Ellier Les Bois
1%
Saint Eloy D'Allier
1%
Saint Eman
1%
Saint Emiland
1%
Saints En Puisaye
1%
Saint Epvre
1%
Saint Escobille
1%
Saint Esteben
1%
Saint Etienne De Chigny
1%
Saint Etienne De Chomeil
1%
Saint Etienne De Crossey
1%
Saint Etienne De Cuines
1%
Saint Etienne De Fontbellon
1%
Saint Etienne De Fursac
1%
Saint Etienne De Serre
1%
Saint Etienne De Valoux
1%
Saint Etienne De Villereal
1%
Saint Etienne En Cogles
1%
Saint Etienne Sur Reyssouze
1%
Sainte Eulalie En Royans
1%
Saint Euphraise Et Clairizet
1%
Saint Euphrone
1%
Saint Evroult De Montfort
1%
Saint Exupery Les Roches
1%
Saint Fargeau Ponthierry
1%
Saint Feliu D'Amont
1%
Saint Felix De Sorgues
1%
Saint Ferjeux
1%
Saint Ferreol Des Cotes
1%
Saint Fort Sur Le Ne
1%
Saint Fortunat Sur Eyrieux
1%
Sainte Foy De Belves
1%
Saint Frajou
1%
Saint Frichoux
1%
Saint Frion
1%
Saint Front De Pradoux
1%
Saint Front Sur Lemance
1%
Saint Gal Sur Sioule
1%
Saint Gand
1%
Saint Gaudent
1%
Saint Gauderic
1%
Saint Gauzens
1%
Saint Gelven
1%
Sainte Gemmes D'Andigne
1%
Sainte Gemmes Sur Loire
1%
Saint Genes Champespe
1%
Saint Genest Lerpt
1%
Saint Gengoulph
1%
Saint Gengoux Le National
1%
Saint Genis Des Fontaines
1%
Saint Genis Les Ollieres
1%
Saint Geoire En Valdaine
1%
Saint Georges D'Aurac
1%
Saint Georges De Baroille
1%
Saint Georges De Livoye
1%
Saint Georges De Montaigu
1%
Saint Georges De Pointindoux
1%
Saint Georges De Rouelley
1%
Saint Georges D'Orques
1%
Saint Georges Lagricol
1%
Saint Georges Le Flechard
1%
Saint Georges Les Bains
1%
Saint Georges Nigremont
1%
Saint Georges Sur Arnon
1%
Saint Georges Sur Erve
1%
Saint Georges Sur Fontaine
1%
Saint Georges Sur Renon
1%
Saint Gerand Le Puy
1%
Saint Germain D'Anxure
1%
Saint Germain D'Aunay
1%
Saint Germain De Joux
1%
Saint Germain De La Grange
1%
Saint Germain De Longue Chaume
1%
Saint Germain Du Bel Air
1%
Saint Germain Du Corbeis
1%
Saint Germain Du Pinel
1%
Saint Germain Du Puch
1%
Saint Germain Du Teil
1%
Saint Germain Laprade
1%
Saint Germain Laxis
1%
Saint Germain Le Fouilloux
1%
Saint Germain Le Guillaume
1%
Saint Germain Lembron
1%
Saint Germain Les Paroisses
1%
Saint Germain Lespinasse
1%
Saint Germain Sous Cailly
1%
Saint Germain Sous Doue
1%
Saint Germain Sur Avre
1%
Saint Germain Sur Ille
1%
Saint Germain Sur Meuse
1%
Saint Germain Sur Morin
1%
Saint Germain Sur Renon
1%
Saint Gervais D'Auvergne
1%
Saint Gervais Du Perron
1%
Saint Gervais En Belin
1%
Saint Gervais En Valliere
1%
Saint Gervais Sur Mare
1%
Saint Gervasy
1%
Saint Geyrac
1%
Saint Gilles Des Marais
1%
Saint Gilles Pligeaux
1%
Saint Gilles Vieux Marche
1%
Saint Goin
1%
Saint Gondon
1%
Saint Gourgon
1%
Saint Griede
1%
Saint Groux
1%
Saint Guiraud
1%
Saint Herent
1%
Saint Hilaire Au Temple
1%
Saint Hilaire Cottes
1%
Saint Hilaire De Chaleons
1%
Saint Hilaire De Clisson
1%
Saint Hilaire De La Noaille
1%
Saint Hilaire De Voust
1%
Saint Hilaire Du Bois
1%
Saint Hilaire Du Maine
1%
Saint Hilaire En Woevre
1%
Saint Hilaire Foissac
1%
Saint Hilaire Le Chateau
1%
Saint Hilaire Les Monges
1%
Saint Hilaire Les Places
1%
Saint Hilaire Le Vouhis
1%
Saint Hilaire Luc
1%
Saint Hilaire Sous Romilly
1%
Saint Hilaire Sur Benaize
1%
Saint Hilaire Sur Puiseaux
1%
Saint Hilaire Sur Yerre
1%
Saint Hilarion
1%
Sainte Honorine La Guillaume
1%
Saint Huruge
1%
Saint Igest
1%
Saint Ignan
1%
Saint Ignat
1%
Saint Igny De Vers
1%
Saint Illiers La Ville
1%
Saint Illiers Le Bois
1%
Saint Ilpize
1%
Saint Imoges
1%
Saint Izaire
1%
Saint Jacques D'Atticieux
1%
Saint Jean Chambre
1%
Saint Jean D'Angle
1%
Saint Jean D'Asse
1%
Saint Jean D'Aulps
1%
Saint Jean De Bonneval
1%
Saint Jean De Chevelu
1%
Saint Jean De Couz
1%
Saint Jean De Gonville
1%
Saint Jean De La Croix
1%
Saint Jean De La Motte
1%
Saint Jean De Linieres
1%
Saint Jean D'Elle
1%
Saint Jean Delnous
1%
Saint Jean De Losne
1%
Saint Jean De Marcel
1%
Saint Jean De Moirans
1%
Saint Jean De Muzols
1%
Saint Jean De Niost
1%
Saint Jean Des Vignes
1%
Saint Jean De Thouars
1%
Saint Jean De Thurigneux
1%
Saint Jean D'Heurs
1%
Saint Jean Du Bois
1%
Saint Jean Du Bruel
1%
Saint Jean En Val
1%
Saint Jean La Bussiere
1%
Saint Jean Le Centenier
1%
Saint Jean Le Comtal
1%
Saint Jean Les Deux Jumeaux
1%
Saint Jean Rohrbach
1%
Saint Jean Sur Couesnon
1%
Saint Jean Sur Erve
1%
Saint Jean Sur Moivre
1%
Saint Jean Sur Reyssouze
1%
Saint Jean Sur Vilaine
1%
Saint Jean Trolimon
1%
Saint Jeanvrin
1%
Saint Jeure D'Ay
1%
Saint Jeures
1%
Saint Jodard
1%
Saint Joire
1%
Saint Jory De Chalais
1%
Saint Joseph Des Bancs
1%
Saint Jouan De L'Isle
1%
Saint Jouvent
1%
Saint Juire Champgillon
1%
Saint Julien Aux Bois
1%
Saint Julien De Lampon
1%
Saint Julien De L'Escap
1%
Saint Julien De L'Herms
1%
Saint Julien De Peyrolas
1%
Saint Julien De Vouvantes
1%
Saint Julien D'Oddes
1%
Saint Julien Du Gua
1%
Saint Julien Du Pinet
1%
Saint Julien En Beauchene
1%
Saint Julien En Champsaur
1%
Saint Julien En Vercors
1%
Saint Julien Le Pelerin
1%
Saint Julien Les Gorze
1%
Saint Julien Le Vendomois
1%
Saint Julien Mont Denis
1%
Saint Julien Vocance
1%
Sainte Juliette Sur Viaur
1%
Saint Jure
1%
Saint Just Chaleyssin
1%
Saint Just D'Ardeche
1%
Saint Just Ibarre
1%
Saint Just Le Martel
1%
Saint Just Malmont
1%
Saint Just Sur Viaur
1%
Saint Juvat
1%
Saint Lactencin
1%
Saint Lamain
1%
Saint Lambert La Potherie
1%
Saint Langis Les Mortagne
1%
Saint Lattier
1%
Saint Laurent D'Aigouze
1%
Saint Laurent De Chamousset
1%
Saint Laurent De Condel
1%
Saint Laurent De La Salanque
1%
Saint Laurent De Neste
1%
Saint Laurent Des Arbres
1%
Saint Laurent Des Hommes
1%
Saint Laurent Des Mortiers
1%
Saint Laurent De Terregatte
1%
Saint Laurent Du Cros
1%
Saint Laurent Du Pape
1%
Saint Laurent En Royans
1%
Saint Laurent Les Bains
1%
Saint Laurent Les Tours
1%
Saint Leger De La Martiniere
1%
Saint Leger De Montbrillais
1%
Saint Leger De Montbrun
1%
Saint Leger De Peyre
1%
Saint Leger Des Aubees
1%
Saint Leger Des Pres
1%
Saint Leger Du Bourg Denis
1%
Saint Leger En Yvelines
1%
Saint Leger Magnazeix
1%
Saint Leger Pres Troyes
1%
Saint Leger Sous Brienne
1%
Saint Leger Sous Margerie
1%
Saint Leger Sur Dheune
1%
Sainte Leocadie
1%
Saint Leon Sur L'Isle
1%
Saint Leon Sur Vezere
1%
Saint Lon Les Mines
1%
Saint Louet Sur Vire
1%
Saint Louis En L'Isle
1%
Saint Louis Les Bitche
1%
Saint Loup De Buffigny
1%
Saint Loup De Gonois
1%
Saint Loup De Varennes
1%
Saint Loup Du Dorat
1%
Saint Loup Du Gast
1%
Sainte Lucie De Tallano
1%
Saint Lumier En Champagne
1%
Saint Lumine De Clisson
1%
Saint Lupien
1%
Saint Macaire Du Bois
1%
Saint Magne De Castillon
1%
Saint Maigrin
1%
Saint Maixme Hauterive
1%
Saint Malo Des Trois Fontaines
1%
Saint Malo Du Bois
1%
Saint Marc A Frongier
1%
Saint Marc A Loubaud
1%
Saint Marcel De Careiret
1%
Saint Marcel De Felines
1%
Saint Marcel D'Urfe
1%
Saint Marcel L'Eclaire
1%
Saint Marcel Les Annonay
1%
Saint Marcet
1%
Saint Marc Jaumegarde
1%
Saint Marc Sur Couesnon
1%
Saint Mard Les Rouffy
1%
Saint Mard Sur Le Mont
1%
Sainte Marguerite Lafigere
1%
Sainte Marie Cappel
1%
Sainte Marie De Gosse
1%
Sainte Marie Du Lac Nuisement
1%
Saint Mariens
1%
Saint Mars De Locquenay
1%
Saint Mars D'Outille
1%
Saint Mars La Briere
1%
Saint Mars La Reorthe
1%
Saint Mars Sur Colmont
1%
Saint Mars Sur La Futaie
1%
Saint Martial D'Albarede
1%
Saint Martial De Nabirat
1%
Saint Martial De Valette
1%
Saint Martial De Vitaterne
1%
Saint Martin Aux Buneaux
1%
Saint Martin Aux Chartrains
1%
Saint Martin D'Arberoue
1%
Saint Martin D'Arc
1%
Saint Martin D'Audouville
1%
Saint Martin D'Auxigny
1%
Saint Martin De Blagny
1%
Saint Martin De Bonfosse
1%
Saint Martin De Cenilly
1%
Saint Martin De Connee
1%
Saint Martin De Hinx
1%
Saint Martin De Mieux
1%
Saint Martin D'Entraunes
1%
Saint Martin De Queyrieres
1%
Saint Martin De Riberac
1%
Saint Martin Des Fontaines
1%
Saint Martin Des Lais
1%
Saint Martin Des Monts
1%
Saint Martin Du Bois
1%
Saint Martin Du Boschet
1%
Saint Martin Du Frene
1%
Saint Martin Du Limet
1%
Saint Martin Du Manoir
1%
Saint Martin Du Puy
1%
Saint Martin D'Uriage
1%
Saint Martin En Biere
1%
Saint Martin En Vercors
1%
Saint Martin La Meanne
1%
Saint Martin L'Ars
1%
Saint Martin La Sauvete
1%
Saint Martin Le Chatel
1%
Saint Martin Le Colonel
1%
Saint Martin Le Greard
1%
Saint Martin Lestra
1%
Saint Martin Le Vinoux
1%
Saint Martin L'Hortier
1%
Saint Martin Sur Ocre
1%
Saint Masmes
1%
Saint Maudan
1%
Saint Maudez
1%
Saint Maugan
1%
Saint Maurice De Beynost
1%
Saint Maurice De Gourdans
1%
Saint Maurice Des Noues
1%
Saint Maurice D'Ibie
1%
Saint Maurice En Gourgois
1%
Saint Maurice En Quercy
1%
Saint Maurice En Trieves
1%
Saint Maurice La Souterraine
1%
Saint Maurice Montcouronne
1%
Saint Maurice Sur Dargoire
1%
Saint Maurice Sur Fessard
1%
Saint Maximin La Baume
1%
Saint Maxire
1%
Saint Medard De Guizieres
1%
Saint Medard D'Eyrans
1%
Saint Medard Sur Ille
1%
Saint Menge
1%
Saint Merd De Lapleau
1%
Saint Merd La Breuille
1%
Saint Micaud
1%
Saint Michel De Castelnau
1%
Saint Michel De Chabrillanoux
1%
Saint Michel De Feins
1%
Saint Michel De La Roe
1%
Saint Michel De Montjoie
1%
Saint Michel De Plelan
1%
Saint Michel De Rieufret
1%
Saint Michel De Veisse
1%
Saint Michel Les Portes
1%
Saint Michel Sur Loire
1%
Saint Michel Sur Meurthe
1%
Saint Montan
1%
Saint Nazaire De Valentane
1%
Saint Nazaire En Royans
1%
Saint Nazaire Les Eymes
1%
Saint Nazaire Sur Charente
1%
Saint Nexans
1%
Saint Nicolas De Bourgueil
1%
Saint Nicolas De La Grave
1%
Saint Nicolas De Macherin
1%
Saint Nicolas Des Biefs
1%
Saint Nicolas De Sommaire
1%
Saint Nicolas La Chapelle
1%
Saint Nicolas Les Citeaux
1%
Saint Nizier D'Azergues
1%
Saint Nizier Sous Charlieu
1%
Saint Nizier Sur Arroux
1%
Saint Offenge
1%
Saint Omer Capelle
1%
Saint Ouen D'Aunis
1%
Saint Ouen De Mimbre
1%
Saint Ouen Des Alleux
1%
Saint Ouen Des Toits
1%
Saint Ouen Des Vallons
1%
Saint Ouen Domprot
1%
Saint Ouen En Belin
1%
Saint Ouen En Champagne
1%
Saint Ouen La Rouerie
1%
Saint Ouen Le Brisoult
1%
Saint Ouen Le Pin
1%
Saint Ouen Sur Iton
1%
Saint Ovin
1%
Saint Oyen
1%
Saint Pal De Chalencon
1%
Saint Pantaleon De Larche
1%
Saint Papoul
1%
Saint Pardoux La Croisille
1%
Saint Pardoux Le Neuf
1%
Saint Pardoux Les Cards
1%
Saint Pardoux Le Vieux
1%
Saint Pargoire
1%
Saint Parres Aux Tertres
1%
Saint Paul De Varces
1%
Saint Paul Du Bois
1%
Saint Paul En Born
1%
Saint Paul En Cornillon
1%
Saint Paul En Jarez
1%
Saint Paul En Pareds
1%
Saint Paul Le Jeune
1%
Saint Paul Mont Penit
1%
Saint Peravy La Colombe
1%
Saint Perdoux
1%
Saint Pey De Castets
1%
Saint Piat
1%
Saint Pierre Bellevue
1%
Saint Pierre Bois
1%
Saint Pierre De Cheville
1%
Saint Pierre De Cole
1%
Saint Pierre De Curtille
1%
Saint Pierre De Juillers
1%
Saint Pierre De L'Isle
1%
Saint Pierre De Manneville
1%
Saint Pierre De Salerne
1%
Saint Pierre Des Jonquieres
1%
Saint Pierre Des Tripiers
1%
Saint Pierre De Varengeville
1%
Saint Pierre D'Eyraud
1%
Saint Pierre D'Irube
1%
Saint Pierre Du Bosguerard
1%
Saint Pierre Du Regard
1%
Saint Pierre En Faucigny
1%
Saint Pierre La Palud
1%
Saint Pierre Laval
1%
Saint Pierre Les Nemours
1%
Saint Pierre Roche
1%
Saint Pierre Sur Erve
1%
Saint Pierreville
1%
Saint Polgues
1%
Saint Pompont
1%
Saint Pons La Calm
1%
Saint Prejet D'Allier
1%
Saint Preuil
1%
Sainte Preuve
1%
Saint Priest Des Champs
1%
Saint Priest La Roche
1%
Saint Priest Sous Aixe
1%
Saint Priest Taurion
1%
Saint Privat Des Vieux
1%
Saint Privat La Montagne
1%
Saint Projet De Salers
1%
Saint Python
1%
Saint Quentin Des Pres
1%
Saint Quentin Du Dropt
1%
Saint Quentin La Motte Croix Au Bailly
1%
Saint Quentin Les Anges
1%
Saint Quentin Les Marais
1%
Saint Rabier
1%
Saint Regis Du Coin
1%
Saint Remimont
1%
Saint Remy De Blot
1%
Saint Remy Du Nord
1%
Saint Remy Du Plain
1%
Saint Remy La Vanne
1%
Saint Remy L'Honore
1%
Saint Remy Sous Broyes
1%
Saint Remy Sur Avre
1%
Saint Restitut
1%
Saint Reverien
1%
Saint Roch Sur Egrenne
1%
Saint Romain D'Urfe
1%
Saint Romain La Motte
1%
Saint Romain Sous Gourdon
1%
Saint Romain Sous Versigny
1%
Saint Romain Sur Cher
1%
Saint Salvadour
1%
Saint Salvy
1%
Saint Samson Sur Rance
1%
Saint Sandoux
1%
Saint Santin
1%
Saint Santin Cantales
1%
Saint Sardos
1%
Saint Saury
1%
Saint Sauves D'Auvergne
1%
Saint Sauveur Camprieu
1%
Saint Sauveur De Carrouges
1%
Saint Sauveur De Cruzieres
1%
Saint Sauveur De Montagut
1%
Saint Sauveur En Rue
1%
Saint Sauveur Gouvernet
1%
Saint Sauveur Sur Tinee
1%
Saint Sauvy
1%
Saint Saviol
1%
Saint Secondin
1%
Saint Senoch
1%
Saint Sernin Du Plain
1%
Saint Setiers
1%
Saint Seurin De Cadourne
1%
Saint Seurin De Cursac
1%
Saint Seurin De Prats
1%
Saint Siffret
1%
Saint Silvain Bellegarde
1%
Saint Simon De Bordes
1%
Saint Simon De Pellouaille
1%
Saint Solve
1%
Saint Sorlin De Vienne
1%
Saint Sorlin En Bugey
1%
Saint Sornin Leulac
1%
Saint Stail
1%
Saint Sulpice De Favieres
1%
Saint Sulpice En Pareds
1%
Saint Sulpice Et Cameyrac
1%
Saint Sulpice Lauriere
1%
Saint Sulpice Les Bois
1%
Sainte Suzanne Sur Vire
1%
Saint Sylvestre De Cormeilles
1%
Saint Symphorien De Lay
1%
Saint Symphorien De Marmagne
1%
Saint Symphorien Sous Chomerac
1%
Saint Symphorien Sur Couze
1%
Saint Theodorit
1%
Saint Thibaud De Couz
1%
Saint Thibery
1%
Saint Thiebaud
1%
Saint Thomas De Conac
1%
Saint Thomas De Courceriers
1%
Saint Thomas En Royans
1%
Saint Thome
1%
Saint Trimoel
1%
Saint Urcisse
1%
Saint Vallerin
1%
Saint Venerand
1%
Saint Victor De Malcap
1%
Saint Victor Et Melvieu
1%
Saint Victor La Riviere
1%
Saint Vidal
1%
Saint Vigor Des Monts
1%
Saint Vincent Bragny
1%
Saint Vincent De Barres
1%
Saint Vincent De Boisset
1%
Saint Vincent De Reins
1%
Saint Vincent De Salers
1%
Saint Vincent Sur Graon
1%
Saint Vincent Sur Jard
1%
Saint Vite
1%
Saint Vitte
1%
Saint Vivien De Monsegur
1%
Saint Voir
1%
Saint Yaguen
1%
Saint Ybars
1%
Saint Yrieix La Montagne
1%
Saint Yvoine
1%
Saint Yzan De Soudiac
1%
Saint Yzans De Medoc
1%
Saint Affrique Les Montagnes
0%
Saint Agnan De Cernieres
0%
Saint Agnan Sur Sarthe
0%
Saint Agnin Sur Bion
0%
Saint Aignan Des Noyers
0%
Saint Aignan Sur Ry
0%
Sainte Alauzie
0%
Saint Alban De Montbel
0%
Saint Alban Des Villards
0%
Saint Alban D'Hurtieres
0%
Saint Alban En Montagne
0%
Saint Albin De Vaulserre
0%
Sainte Alvere Laurent Les Batons
0%
Saint Alyre Es Montagne
0%
Saint Amand De Coly
0%
Saint Amand Jartoudeix
0%
Saint Amand Le Petit
0%
Saint Amand Magnazeix
0%
Saint Amand Sur Ornain
0%
Saint Amand Sur Sevre
0%
Saint Amans De Pellagal
0%
Saint Amans Du Pech
0%
Saint Amans Valtoret
0%
Saint Amant De Bonnieure
0%
Saint Amant De Montmoreau
0%
Saint Amant De Nouere
0%
Saint Amant Tallende
0%
Sainte Anastasie Sur Issole
0%
Saint Andeol De Berg
0%
Saint Andeol De Fourchades
0%
Saint Andeol De Vals
0%
Saint Andre Capceze
0%
Saint Andre De Boege
0%
Saint Andre De Briouze
0%
Saint Andre De Bueges
0%
Saint Andre De Chalencon
0%
Saint Andre De Double
0%
Saint Andre De Lancize
0%
Saint Andre De Lidon
0%
Saint Andre De Majencoules
0%
Saint Andre D'Embrun
0%
Saint Andre De Najac
0%
Saint Andre De Roquepertuis
0%
Saint Andre De Sangonis
0%
Saint Andre De Seignanx
0%
Saint Andre De Vezines
0%
Saint Andre D'Olerargues
0%
Saint Andre En Barrois
0%
Saint Andre En Royans
0%
Saint Andre En Vivarais
0%
Saint Andre Et Appelles
0%
Saint Andre Farivillers
0%
Saint Andre Lachamp
0%
Saint Andre La Cote
0%
Saint Andre Le Coq
0%
Saint Andre Le Puy
0%
Saint Andre Sur Sevre
0%
Saint Ange Et Torcay
0%
Sainte Anne Priest
0%
Sainte Anne Sur Gervonde
0%
Saint Antoine Cumond
0%
Saint Antoine D'Auberoche
0%
Saint Antoine De Ficalba
0%
Saint Antoine Du Queyret
0%
Saint Antoine Du Rocher
0%
Saint Antoine La Foret
0%
Saint Antoine Sur L'Isle
0%
Saint Antonin De Lacalm
0%
Saint Antonin Sur Bayon
0%
Saint Apollinaire De Rias
0%
Saint Aquilin De Pacy
0%
Saint Araille
0%
Saint Arailles
0%
Saint Arcons De Barges
0%
Saint Armou
0%
Saint Arroumex
0%
Saint Auban D'Oze
0%
Saint Auban Sur L'Ouveze
0%
Saint Aubin Celloville
0%
Saint Aubin De Blaye
0%
Saint Aubin De Branne
0%
Saint Aubin De Cadelech
0%
Saint Aubin De Courteraie
0%
Saint Aubin De Lanquais
0%
Saint Aubin De Nabirat
0%
Saint Aubin Des Chaumes
0%
Saint Aubin Des Ormeaux
0%
Saint Aubin Du Plain
0%
Saint Aubin Epinay
0%
Saint Aubin Le Cloud
0%
Saint Aubin Le Depeint
0%
Saint Aubin Riviere
0%
Saint Aubin Sous Erquery
0%
Saint Aubin Sur Aire
0%
Saint Aubin Sur Quillebeuf
0%
Saint Aulais La Chapelle
0%
Sainte Aurence Cazaux
0%
Saint Avit De Soulege
0%
Saint Avit De Tardes
0%
Saint Avit De Vialard
0%
Saint Avit Frandat
0%
Saint Avit Le Pauvre
0%
Saint Avit Les Guespieres
0%
Saint Avit Nazaire
0%
Saint Avit Riviere
0%
Saint Aybert
0%
Saint Barthelemy D'Agenais
0%
Saint Barthelemy De Bellegarde
0%
Saint Barthelemy De Bussiere
0%
Saint Barthelemy De Sechilienne
0%
Saint Barthelemy Grozon
0%
Saint Barthelemy Le Meil
0%
Saint Baudille De La Tour
0%
Saint Bauzeil
0%
Saint Bauzely
0%
Saint Bauzille De La Sylve
0%
Saint Bazile De La Roche
0%
Saint Bazile De Meyssac
0%
Saint Benin Des Bois
0%
Saint Benoist Sur Vanne
0%
Saint Benoit De Carmaux
0%
Saint Benoit D'Hebertot
0%
Saint Benoit En Diois
0%
Saint Benoit La Chipotte
0%
Saint Blaise Du Buis
0%
Saint Blaise La Roche
0%
Saint Bonnet Avalouze
0%
Saint Bonnet Briance
0%
Saint Bonnet De Bellac
0%
Saint Bonnet De Chavagne
0%
Saint Bonnet De Chirac
0%
Saint Bonnet De Condat
0%
Saint Bonnet De Four
0%
Saint Bonnet De Montauroux
0%
Saint Bonnet De Salendrinque
0%
Saint Bonnet Des Quarts
0%
Saint Bonnet De Valclerieux
0%
Saint Bonnet De Vieille Vigne
0%
Saint Bonnet Du Gard
0%
Saint Bonnet La Riviere
0%
Saint Bonnet Le Bourg
0%
Saint Bonnet Le Chastel
0%
Saint Bonnet L'Enfantier
0%
Saint Bonnet Les Allier
0%
Saint Bonnet Les Oules
0%
Saint Bonnet Les Tours De Merle
0%
Saint Bonnet Le Troncy
0%
Saint Bonnet Pres Bort
0%
Saint Bonnet Pres Orcival
0%
Saint Bonnet Pres Riom
0%
Saint Bon Tarentaise
0%
Saint Bressou
0%
Saint Brice Sous Ranes
0%
Saint Brice Sur Vienne
0%
Saint Brisson Sur Loire
0%
Saint Broingt Le Bois
0%
Saint Broingt Les Fosses
0%
Sainte Camelle
0%
Saint Caprais De Blaye
0%
Saint Caprais De Lerm
0%
Saint Capraise De Lalinde
0%
Saint Cassin
0%
Saint Castin
0%
Sainte Cecile Du Cayrou
0%
Saint Cernin De Labarde
0%
Saint Cernin De Larche
0%
Saint Cernin De L'Herm
0%
Saint Cesaire De Gauzignan
0%
Saint Chamassy
0%
Sainte Christie D'Armagnac
0%
Saint Christol De Rodieres
0%
Saint Christophe A Berry
0%
Saint Christophe D'Allier
0%
Saint Christophe De Double
0%
Saint Christophe Des Bardes
0%
Saint Christophe Dodinicourt
0%
Saint Christophe Du Bois
0%
Saint Christophe En Boucherie
0%
Saint Christophe En Bresse
0%
Saint Christophe Et Le Laris
0%
Saint Christophe Le Chaudry
0%
Saint Christophe Sur Dolaison
0%
Saint Christophe Sur Guiers
0%
Saint Christophe Sur Le Nais
0%
Saint Christophe Sur Roc
0%
Saint Christophe Vallon
0%
Saint Cierge Sous Le Cheylard
0%
Saint Ciers D'Abzac
0%
Saint Ciers De Canesse
0%
Saint Ciers Sur Bonnieure
0%
Saint Cirgues De Jordanne
0%
Saint Cirgues De Prades
0%
Saint Cirgues En Montagne
0%
Saint Cirgues La Loutre
0%
Saint Cirgues Sur Couze
0%
Saint Cirq Madelon
0%
Saint Cirq Souillaguet
0%
Saint Clair D'Arcey
0%
Saint Clair De Halouze
0%
Saint Clair Sur Galaure
0%
Saint Clar De Riviere
0%
Saint Clement De Regnat
0%
Saint Clement De Valorgue
0%
Saint Clement De Vers
0%
Saint Clement Les Places
0%
Saint Clement Sur Durance
0%
Saint Clement Sur Guye
0%
Saint Clement Sur Valsonne
0%
Saint Cloud En Dunois
0%
Sainte Colombe De Duras
0%
Sainte Colombe De La Commanderie
0%
Sainte Colombe De Peyre
0%
Sainte Colombe Des Bois
0%
Sainte Colombe De Villeneuve
0%
Sainte Colombe En Auxois
0%
Sainte Colombe En Bruilhois
0%
Sainte Colombe Pres Vernon
0%
Sainte Colombe Sur Gand
0%
Sainte Colombe Sur Guette
0%
Sainte Colombe Sur L'Hers
0%
Sainte Colombe Sur Seine
0%
Sainte Colome
0%
Saint Come Et Maruejols
0%
Saint Couat D'Aude
0%
Saint Couat Du Razes
0%
Saint Coutant Le Grand
0%
Saint Creac
0%
Saint Crepin Aux Bois
0%
Saint Crepin D'Auberoche
0%
Saint Crepin De Richemont
0%
Saint Cricq Chalosse
0%
Saint Cricq Du Gave
0%
Saint Cricq Villeneuve
0%
Sainte Croix A Lauze
0%
Sainte Croix De Caderle
0%
Sainte Croix De Mareuil
0%
Sainte Croix De Quintillargues
0%
Sainte Croix Grand Tonne
0%
Sainte Croix Sur Buchy
0%
Sainte Croix Vallee Francaise
0%
Saint Cybardeaux
0%
Saint Cyr De Favieres
0%
Saint Cyr Des Gats
0%
Saint Cyr De Valorges
0%
Saint Cyr Du Doret
0%
Saint Cyr Du Gault
0%
Saint Cyr En Arthies
0%
Saint Cyr En Bourg
0%
Saint Cyr La Campagne
0%
Saint Cyr La Lande
0%
Saint Cyr La Riviere
0%
Saint Cyr La Roche
0%
Saint Cyr La Rosiere
0%
Saint Cyr Le Chatoux
0%
Saint Cyr Le Gravelais
0%
Saint Cyr Les Champagnes
0%
Saint Cyr Les Vignes
0%
Saint Cyr Montmalin
0%
Saint Denis Catus
0%
Saint Denis Combarnazat
0%
Saint Denis D'Authou
0%
Saint Denis Des Coudrais
0%
Saint Denis Des Murs
0%
Saint Denis Des Puits
0%
Saint Denis De Vaux
0%
Saint Denis En Margeride
0%
Saint Denis Le Ferment
0%
Saint Denis Les Martel
0%
Saint Denis Le Thiboult
0%
Saint Denis Sur Coise
0%
Saint Denis Sur Huisne
0%
Saint Denis Sur Scie
0%
Saint Didier D'Allier
0%
Saint Didier De Bizonnes
0%
Saint Didier En Brionnais
0%
Saint Didier Sur Rochefort
0%
Saint Dizant Du Bois
0%
Saint Dizier En Diois
0%
Saint Dizier La Tour
0%
Saint Dizier Les Domaines
0%
Saint Dizier Leyrenne
0%
Sainte Dode
0%
Saint Elix Le Chateau
0%
Saint Elix Seglan
0%
Saint Elix Theux
0%
Saint Eloi De Fourques
0%
Saint Eloy De Gy
0%
Saint Eloy La Glaciere
0%
Saint Eloy Les Tuileries
0%
Saint Esteve Janson
0%
Saint Etienne A Arnes
0%
Saint Etienne Aux Clos
0%
Saint Etienne Cantales
0%
Saint Etienne D'Albagnan
0%
Saint Etienne De Boulogne
0%
Saint Etienne De Brillouet
0%
Saint Etienne De Carlat
0%
Saint Etienne De Fougeres
0%
Saint Etienne De Geoirs
0%
Saint Etienne De Gourgas
0%
Saint Etienne De Lisse
0%
Saint Etienne De L'Olm
0%
Saint Etienne De Maurs
0%
Saint Etienne De Puycorbier
0%
Saint Etienne Des Guerets
0%
Saint Etienne Des Oullieres
0%
Saint Etienne Des Sorts
0%
Saint Etienne D'Orthe
0%
Saint Etienne Du Vauvray
0%
Saint Etienne Du Vigan
0%
Saint Etienne Estrechoux
0%
Saint Etienne La Cigogne
0%
Saint Etienne La Geneste
0%
Saint Etienne Lardeyrol
0%
Saint Etienne La Varenne
0%
Saint Etienne Le Laus
0%
Saint Etienne Le Molard
0%
Saint Etienne Roilaye
0%
Saint Etienne Sous Bailleul
0%
Saint Etienne Sur Blesle
0%
Saint Etienne Sur Usson
0%
Sainte Eugenie De Villeneuve
0%
Sainte Eulalie D'Ans
0%
Sainte Eulalie De Cernon
0%
Sainte Eulalie D'Eymet
0%
Sainte Eulalie D'Olt
0%
Sainte Euphemie Sur Ouveze
0%
Saint Eusebe En Champsaur
0%
Sainte Eusoye
0%
Saint Eutrope De Born
0%
Sainte Fauste
0%
Saint Feliu D'Avall
0%
Saint Felix De Bourdeilles
0%
Saint Felix De Foncaude
0%
Saint Felix De L'Heras
0%
Saint Felix De Lodez
0%
Saint Felix De Lunel
0%
Saint Felix De Pallieres
0%
Saint Felix De Reillac Et Mortemart
0%
Saint Felix De Rieutord
0%
Saint Felix De Tournegat
0%
Saint Felix De Villadeix
0%
Saint Ferreol D'Auroure
0%
Saint Ferreol De Comminges
0%
Saint Ferreol Trente Pas
0%
Saint Ferriol
0%
Sainte Feyre La Montagne
0%
Saint Florent Sur Auzonnet
0%
Saint Flour De Mercoire
0%
Saint Forget
0%
Saint Forgeux Lespinasse
0%
Sainte Foy D'Aigrefeuille
0%
Sainte Foy De Longas
0%
Sainte Foy De Peyrolieres
0%
Sainte Foy La Longue
0%
Sainte Foy Sulpice
0%
Saint Franchy
0%
Saint Francois De Sales
0%
Saint Francois Lacroix
0%
Saint Frejoux
0%
Saint Frezal D'Albuges
0%
Saint Front D'Alemps
0%
Saint Front La Riviere
0%
Saint Front Sur Nizonne
0%
Saint Fulgent Des Ormes
0%
Saint Fuscien
0%
Sainte Gauburge Colombe
0%
Sainte Gemme En Sancerrois
0%
Sainte Gemme Martaillac
0%
Sainte Gemme Moronval
0%
Saint Genard
0%
Saint Genes Champanelle
0%
Saint Genes De Blaye
0%
Saint Genes De Castillon
0%
Saint Genes De Fronsac
0%
Saint Genes De Lombaud
0%
Saint Genes Du Retz
0%
Saint Genes La Tourette
0%
Saint Genest D'Ambiere
0%
Saint Genest De Beauzon
0%
Saint Genest De Contest
0%
Saint Genest Lachamp
0%
Saint Genest Sur Roselle
0%
Sainte Genevieve Les Gasny
0%
Saint Geneys Pres Paulien
0%
Saint Genies Bellevue
0%
Saint Genies De Comolas
0%
Saint Genies De Fontedit
0%
Saint Genies Des Mourgues
0%
Saint Genies De Varensal
0%
Saint Geniez O Merle
0%
Saint Genis D'Hiersac
0%
Saint Genis Du Bois
0%
Saint Genis L'Argentiere
0%
Saint Georges Antignac
0%
Saint Georges Armont
0%
Saint Georges Blancaneix
0%
Saint Georges D'Annebecq
0%
Saint Georges De Commiers
0%
Saint Georges De La Couee
0%
Saint Georges De Levejac
0%
Saint Georges De Longuepierre
0%
Saint Georges De Mons
0%
Saint Georges De Montclard
0%
Saint Georges De Noisne
0%
Saint Georges De Rex
0%
Saint Georges Des Agouts
0%
Saint Georges D'Hurtieres
0%
Saint Georges Du Rosay
0%
Saint Georges En Auge
0%
Saint Georges En Couzan
0%
Saint Georges Haute Ville
0%
Saint Georges La Pouge
0%
Saint Georges Les Landes
0%
Saint Georges Montcocq
0%
Saint Georges Motel
0%
Saint Georges Sur Allier
0%
Saint Georges Sur La Pree
0%
Saint Georges Sur Layon
0%
Saint Georges Sur Moulon
0%
Saint Geours D'Auribat
0%
Saint Gerand De Vaux
0%
Saint Geraud De Corps
0%
Saint Germain Beaupre
0%
Saint Germain Chassenay
0%
Saint Germain D'Arce
0%
Saint Germain De Belves
0%
Saint Germain De Fresney
0%
Saint Germain De Grave
0%
Saint Germain De La Riviere
0%
Saint Germain D'Elle
0%
Saint Germain De Lusignan
0%
Saint Germain De Martigny
0%
Saint Germain De Montbron
0%
Saint Germain De Pasquier
0%
Saint Germain De Salles
0%
Saint Germain Des Angles
0%
Saint Germain Des Grois
0%
Saint Germain D'Esteuil
0%
Saint Germain D'Etables
0%
Saint Germain De Vibrac
0%
Saint Germain Du Salembre
0%
Saint Germain Du Seudre
0%
Saint Germain Et Mons
0%
Saint Germain Langot
0%
Saint Germain La Poterie
0%
Saint Germain Lavolps
0%
Saint Germain Le Rocheux
0%
Saint Germain Les Buxy
0%
Saint Germain Les Senailly
0%
Saint Germain Les Vergnes
0%
Saint Germain Le Vieux
0%
Saint Germain Nuelles
0%
Saint Germain Pres Herment
0%
Saint Germain Sur Bresle
0%
Saint Germain Sur Eaulne
0%
Saint Germain Sur Ecole
0%
Saint Germain Sur Rhone
0%
Saint Germain Sur Vienne
0%
Saint Germain Village
0%
Saint Germier
0%
Saint Gervais Des Sablons
0%
Saint Gervais De Vic
0%
Saint Gervais Sous Meymont
0%
Saint Gervais Sur Couches
0%
Saint Gervais Sur Roubion
0%
Saint Gervazy
0%
Saint Gilles De Cretot
0%
Saint Gilles De La Neuville
0%
Saint Gilles Les Forets
0%
Saint Gineis En Coiron
0%
Saint Girons D'Aiguevives
0%
Saint Girons En Bearn
0%
Saint Gladie Arrive Munein
0%
Saint Gourson
0%
Saint Goussaud
0%
Saint Gratien Savigny
0%
Saint Gregoire D'Ardennes
0%
Saint Haon Le Chatel
0%
Saint Haon Le Vieux
0%
Sainte Helene Du Lac
0%
Sainte Helene Sur Isere
0%
Saint Hilaire Bonneval
0%
Saint Hilaire Cusson La Valmitte
0%
Saint Hilaire De Beauvoir
0%
Saint Hilaire De Brens
0%
Saint Hilaire De Court
0%
Saint Hilaire De Gondilly
0%
Saint Hilaire De La Cote
0%
Saint Hilaire De Lavit
0%
Saint Hilaire De Lusignan
0%
Saint Hilaire D'Estissac
0%
Saint Hilaire D'Ozilhan
0%
Saint Hilaire En Morvan
0%
Saint Hilaire Fontaine
0%
Saint Hilaire La Croix
0%
Saint Hilaire La Gerard
0%
Saint Hilaire La Gravelle
0%
Saint Hilaire La Plaine
0%
Saint Hilaire La Treille
0%
Saint Hilaire Les Courbes
0%
Saint Hilaire Mesmin
0%
Saint Hilaire Petitville
0%
Saint Hilaire Peyroux
0%
Saint Hilaire Sur Erre
0%
Saint Hilaire Sur Helpe
0%
Saint Hilaire Sur Risle
0%
Saint Hilaire Taurieux
0%
Saint Hippolyte De Caton
0%
Saint Hippolyte De Montaigu
0%
Saint Hippolyte Le Graveyron
0%
Sainte Honorine La Chardonne
0%
Saint Hymetiere
0%
Sainte Innocence
0%
Saint Jacques D'Ambur
0%
Saint Jacques Des Guerets
0%
Saint Jacques De Thouars
0%
Saint Jacques En Valgodemard
0%
Saint Jean Aux Amognes
0%
Saint Jean Aux Bois
0%
Saint Jean D'Aigues Vives
0%
Saint Jean D'Alcapies
0%
Saint Jean D'Arvey
0%
Saint Jean D'Ataux
0%
Saint Jean D'Aubrigoux
0%
Saint Jean D'Avelanne
0%
Saint Jean De Barrou
0%
Saint Jean De Bassel
0%
Saint Jean De Belleville
0%
Saint Jean De Blaignac
0%
Saint Jean De Boeuf
0%
Saint Jean De Bueges
0%
Saint Jean De Ceyrargues
0%
Saint Jean De Cole
0%
Saint Jean De Cornies
0%
Saint Jean De Crieulon
0%
Saint Jean De Cuculles
0%
Saint Jean De Duras
0%
Saint Jean De Folleville
0%
Saint Jean De La Blaquiere
0%
Saint Jean De La Lequeraye
0%
Saint Jean De La Neuville
0%
Saint Jean De La Porte
0%
Saint Jean De Laur
0%
Saint Jean De Lier
0%
Saint Jean De Marsacq
0%
Saint Jean De Maruejols Et Avejan
0%
Saint Jean De Minervois
0%
Saint Jean De Nay
0%
Saint Jean De Paracol
0%
Saint Jean De Rebervilliers
0%
Saint Jean De Rives
0%
Saint Jean De Savigny
0%
Saint Jean Des Echelles
0%
Saint Jean De Serres
0%
Saint Jean Des Essartiers
0%
Saint Jean Des Ollieres
0%
Saint Jean De Soudain
0%
Saint Jean D'Estissac
0%
Saint Jean De Tholome
0%
Saint Jean De Thurac
0%
Saint Jean De Touslas
0%
Saint Jean D'Etreux
0%
Saint Jean De Trezy
0%
Saint Jean De Valeriscle
0%
Saint Jean De Vals
0%
Saint Jean Devant Possesse
0%
Saint Jean De Vaulx
0%
Saint Jean De Vaux
0%
Saint Jean D'Eyraud
0%
Saint Jean D'Herans
0%
Saint Jean D'Ormont
0%
Saint Jean Du Bouzet
0%
Saint Jean Du Cardonnay
0%
Saint Jean Du Castillonnais
0%
Saint Jean Du Corail Des Bois
0%
Saint Jean Du Pin
0%
Saint Jean Et Paul
0%
Saint Jean Froidmentel
0%
Saint Jean Germain
0%
Saint Jean Gervais
0%
Saint Jean Kourtzerode
0%
Saint Jean Lachalm
0%
Saint Jean La Fouillouse
0%
Saint Jean Lagineste
0%
Saint Jean Lasseille
0%
Saint Jean La Vetre
0%
Saint Jean Les Longuyon
0%
Saint Jean Lespinasse
0%
Saint Jean Lherm
0%
Saint Jean Ligoure
0%
Saint Jean Maurice Sur Loire
0%
Saint Jean Mirabel
0%
Saint Jean Nicolas
0%
Saint Jean Pierre Fixte
0%
Saint Jean Pla De Corts
0%
Saint Jean Poudge
0%
Saint Jean Poutge
0%
Saint Jean Roure
0%
Saint Jean Saverne
0%
Saint Jean Soleymieux
0%
Saint Jean Sur Tourbe
0%
Saint Jean Sur Veyle
0%
Saint Jeoire Prieure
0%
Saint Jeure D'Andaure
0%
Saint Jory Las Bloux
0%
Saint Joseph De Riviere
0%
Saint Jouin De Marnes
0%
Saint Jouin De Milly
0%
Saint Julia De Bec
0%
Saint Julien Beychevelle
0%
Saint Julien Boutieres
0%
Saint Julien D'Ance
0%
Saint Julien D'Armagnac
0%
Saint Julien D'Asse
0%
Saint Julien De Briola
0%
Saint Julien De Cassagnas
0%
Saint Julien De Chedon
0%
Saint Julien De Coppel
0%
Saint Julien De Crempse
0%
Saint Julien De Gras Capou
0%
Saint Julien De Jonzy
0%
Saint Julien De La Liegue
0%
Saint Julien De La Nef
0%
Saint Julien De Raz
0%
Saint Julien Des Chazes
0%
Saint Julien Des Points
0%
Saint Julien De Toursac
0%
Saint Julien D'Eymet
0%
Saint Julien Du Puy
0%
Saint Julien Du Serre
0%
Saint Julien Du Tournel
0%
Saint Julien En Alban
0%
Saint Julien En Quint
0%
Saint Julien Gaulene
0%
Saint Julien Labrousse
0%
Saint Julien La Geneste
0%
Saint Julien La Genete
0%
Saint Julien La Vetre
0%
Saint Julien Le Chatel
0%
Saint Julien Le Petit
0%
Saint Julien Le Roux
0%
Saint Julien Les Montbeliard
0%
Saint Julien Les Rosiers
0%
Saint Julien Les Russey
0%
Saint Julien Maumont
0%
Saint Julien Molhesabate
0%
Saint Julien Pres Bort
0%
Saint Julien Puy Laveze
0%
Saint Julien Sous Les Cotes
0%
Saint Julien Sur Bibost
0%
Saint Julien Sur Cher
0%
Saint Julien Sur Dheune
0%
Saint Julien Sur Garonne
0%
Saint Julien Sur Reyssouze
0%
Saint Junien La Bregere
0%
Saint Just D'Avray
0%
Saint Just De Claix
0%
Saint Just En Bas
0%
Saint Just En Brie
0%
Saint Just Et Le Bezu
0%
Saint Just Et Vacquieres
0%
Saint Just Pres Brioude
0%
Saint Just Sur Dive
0%
Saint Lager Bressac
0%
Saint Lambert Et Mont De Jeux
0%
Saint Lambert Sur Dive
0%
Saint Lanne
0%
Saint Lary Boujean
0%
Saint Laurent Bretagne
0%
Saint Laurent Chabreuges
0%
Saint Laurent D'Agny
0%
Saint Laurent D'Andenay
0%
Saint Laurent D'Arce
0%
Saint Laurent De Belzagot
0%
Saint Laurent De Brevedent
0%
Saint Laurent De Carnols
0%
Saint Laurent De Cerdans
0%
Saint Laurent De Gosse
0%
Saint Laurent De Jourdes
0%
Saint Laurent De La Barriere
0%
Saint Laurent De La Cabrerisse
0%
Saint Laurent De La Salle
0%
Saint Laurent De Levezou
0%
Saint Laurent De Lin
0%
Saint Laurent De Muret
0%
Saint Laurent Des Combes
0%
Saint Laurent De Veyres
0%
Saint Laurent D'Oingt
0%
Saint Laurent D'Olt
0%
Saint Laurent D'Onay
0%
Saint Laurent Du Bois
0%
Saint Laurent Du Plan
0%
Saint Laurent Du Tencement
0%
Saint Laurent En Beaumont
0%
Saint Laurent L'Abbaye
0%
Saint Laurent La Conche
0%
Saint Laurent La Gatine
0%
Saint Laurent La Vallee
0%
Saint Laurent La Vernede
0%
Saint Laurent Le Minier
0%
Saint Laurent Les Eglises
0%
Saint Laurent Lolmie
0%
Saint Laurent Rochefort
0%
Saint Laurent Sous Coiron
0%
Saint Laurent Sur Othain
0%
Saint Laurent Sur Saone
0%
Saint Leger Bridereix
0%
Saint Leger De Balson
0%
Saint Leger Dubosq
0%
Saint Leger Du Gennetey
0%
Saint Leger Du Malzieu
0%
Saint Leger Du Ventoux
0%
Saint Leger En Bray
0%
Saint Leger La Montagne
0%
Saint Leger Le Gueretois
0%
Saint Leger Le Petit
0%
Saint Leger Les Authie
0%
Saint Leger Les Domart
0%
Saint Leger Les Melezes
0%
Saint Leger Les Paray
0%
Saint Leger Sur Bresle
0%
Saint Leger Sur Roanne
0%
Saint Leger Triey
0%
Saint Leonard En Beauce
0%
Saint Leon D'Issigeac
0%
Saint Leopardin D'Augy
0%
Saint Lezer
0%
Saint Lieux Lafenasse
0%
Saint Lieux Les Lavaur
0%
Saint Lizier Du Plante
0%
Saint Loubert
0%
Saint Loubouer
0%
Saint Louis De Montferrand
0%
Saint Louis Et Parahou
0%
Saint Loup Cammas
0%
Saint Loup De Fribois
0%
Saint Loup De Naud
0%
Saint Loup Des Chaumes
0%
Saint Loup En Comminges
0%
Saint Loup Nantouard
0%
Saint Loup Sur Aujon
0%
Saint Loup Terrier
0%
Saint Lubin De Cravant
0%
Saint Lubin De La Haye
0%
Saint Lubin En Vergonnois
0%
Saint Lumier La Populeuse
0%
Saint Luperce
0%
Saint Maclou De Folleville
0%
Saint Maclou La Briere
0%
Saint Maime De Pereyrol
0%
Saint Maixent De Beugne
0%
Saint Malo En Donziois
0%
Saint Mamert Du Gard
0%
Saint Mande Sur Bredoire
0%
Saint Manvieu Bocage
0%
Saint Marc Du Cor
0%
Saint Marcel Bel Accueil
0%
Saint Marcel Campes
0%
Saint Marcel Du Perigord
0%
Saint Marcel En Marcillat
0%
Saint Marcel En Murat
0%
Saint Marcelin De Cray
0%
Saint Marcel Les Sauzet
0%
Saint Marcellin Les Vaison
0%
Saint Marcel Paulel
0%
Saint Marcel Sur Aude
0%
Saint Marc La Lande
0%
Saint Marcory
0%
Saint Marc Sur Seine
0%
Saint Mard De Reno
0%
Saint Mard De Vaux
0%
Saint Mard Sur Auve
0%
Sainte Marguerite D'Elle
0%
Sainte Marie Au Bosc
0%
Sainte Marie D'Alloix
0%
Sainte Marie D'Alvey
0%
Sainte Marie D'Attez
0%
Sainte Marie De Chignac
0%
Sainte Marie Des Champs
0%
Sainte Marie De Vatimesnil
0%
Sainte Marie De Vaux
0%
Sainte Marie En Chanois
0%
Sainte Marie En Chaux
0%
Sainte Marie Kerque
0%
Sainte Marie Lapanouze
0%
Sainte Marie La Robert
0%
Sainte Marie Outre L'Eau
0%
Saint Mars Vieux Maisons
0%
Saint Martial D'Artenset
0%
Saint Martial De Gimel
0%
Saint Martial De Mirambeau
0%
Saint Martial Entraygues
0%
Saint Martial Le Mont
0%
Saint Martial Le Vieux
0%
Saint Martial Sur Isop
0%
Saint Martial Sur Ne
0%
Saint Martial Viveyrol
0%
Saint Martin Au Bosc
0%
Saint Martin Aux Arbres
0%
Saint Martin Aux Bois
0%
Saint Martin Aux Champs
0%
Saint Martin Bellevue
0%
Saint Martin Cantales
0%
Saint Martin Catherine
0%
Saint Martin Chateau
0%
Saint Martin Curton
0%
Saint Martin D'Aout
0%
Saint Martin D'Armagnac
0%
Saint Martin D'Arrossa
0%
Saint Martin D'Ary
0%
Saint Martin D'Auxy
0%
Saint Martin De Bavel
0%
Saint Martin De Beauville
0%
Saint Martin De Bernegoue
0%
Saint Martin De Bienfaite La Cressonniere
0%
Saint Martin De Boubaux
0%
Saint Martin De Brethencourt
0%
Saint Martin De Bromes
0%
Saint Martin De Caralp
0%
Saint Martin De Castillon
0%
Saint Martin De Clelles
0%
Saint Martin De Commune
0%
Saint Martin De Coux
0%
Saint Martin D'Ecublei
0%
Saint Martin De Fenouillet
0%
Saint Martin De Fraigneau
0%
Saint Martin De Fressengeas
0%
Saint Martin De Fugeres
0%
Saint Martin De Goyne
0%
Saint Martin De Gurson
0%
Saint Martin De Juillers
0%
Saint Martin De Jussac
0%
Saint Martin De La Brasque
0%
Saint Martin De La Cluze
0%
Saint Martin De Lansuscle
0%
Saint Martin De La Place
0%
Saint Martin De La Porte
0%
Saint Martin De L'Arcon
0%
Saint Martin De Laye
0%
Saint Martin De Lenne
0%
Saint Martin De Lerm
0%
Saint Martin De L'If
0%
Saint Martin De Lixy
0%
Saint Martin De Macon
0%
Saint Martin De Maixent
0%
Saint Martin De Nigelles
0%
Saint Martin De Pallieres
0%
Saint Martin De Salencey
0%
Saint Martin De Sanzay
0%
Saint Martin Des Combes
0%
Saint Martin De Sescas
0%
Saint Martin Des Olmes
0%
Saint Martin Des Pezerits
0%
Saint Martin Des Plains
0%
Saint Martin Des Puits
0%
Saint Martin Des Tilleuls
0%
Saint Martin De Vaulserre
0%
Saint Martin De Villereal
0%
Saint Martin De Villereglan
0%
Saint Martin D'Heuille
0%
Saint Martin D'Ollieres
0%
Saint Martin D'Oydes
0%
Saint Martin Du Bec
0%
Saint Martin Du Clocher
0%
Saint Martin Du Tartre
0%
Saint Martin Du Var
0%
Saint Martin Du Vieux Belleme
0%
Saint Martin En Gatinois
0%
Saint Martin Firmin
0%
Saint Martin Gimois
0%
Saint Martin Labouval
0%
Saint Martin La Campagne
0%
Saint Martin Laguepie
0%
Saint Martin La Patrouille
0%
Saint Martin Lars En Hermine
0%
Saint Martin L'Astier
0%
Saint Martin Le Bouillant
0%
Saint Martin Le Mault
0%
Saint Martin Le Pin
0%
Saint Martin Le Redon
0%
Saint Martin Les Eaux
0%
Saint Martin Les Langres
0%
Saint Martin Les Melle
0%
Saint Martin Les Seyne
0%
Saint Martin Le Vieil
0%
Saint Martin Lez Tatinghem
0%
Saint Martin Longueau
0%
Saint Martin Lys
0%
Saint Martin Petit
0%
Saint Martin Riviere
0%
Saint Martin Sepert
0%
Saint Martin Sous Montaigu
0%
Saint Martin Sous Vigouroux
0%
Saint Martin Sur Armancon
0%
Saint Martin Sur Cojeul
0%
Saint Martin Sur Ecaillon
0%
Saint Martin Sur La Chambre
0%
Saint Martin Sur Lavezon
0%
Saint Martin Sur Nohain
0%
Saint Martin Terressus
0%
Saint Mary Le Plain
0%
Saint Matre
0%
Saint Maur Des Bois
0%
Sainte Maure De Peyriac
0%
Saint Maurice Aux Forges
0%
Saint Maurice Crillat
0%
Saint Maurice D'Ardeche
0%
Saint Maurice De Cazevieille
0%
Saint Maurice De Lestapel
0%
Saint Maurice De Remens
0%
Saint Maurice De Rotherens
0%
Saint Maurice Des Champs
0%
Saint Maurice En Chalencon
0%
Saint Maurice En Riviere
0%
Saint Maurice En Valgodemard
0%
Saint Maurice Etusson
0%
Saint Maurice Germain
0%
Saint Maurice La Clouere
0%
Saint Maurice Le Girard
0%
Saint Maurice Les Brousses
0%
Saint Maurice Les Couches
0%
Saint Maurice Le Vieil
0%
Saint Maurice Pres Crocq
0%
Saint Maurice Pres Pionsat
0%
Saint Maurice Sur Adour
0%
Saint Maurice Sur Eygues
0%
Saint Maurice Sur Mortagne
0%
Saint Maurice Thizouaille
0%
Saint Maur Sur Le Loir
0%
Saint Meard De Drone
0%
Saint Meard De Gurcon
0%
Saint Medard De Mussidan
0%
Saint Medard De Presque
0%
Saint Medard D'Excideuil
0%
Saint Medard En Forez
0%
Saint Medard La Rochette
0%
Saint Medard Nicourby
0%
Saint Meme Les Carrieres
0%
Saint Menges
0%
Saint Merd Les Oussines
0%
Saint Meslin Du Bosc
0%
Saint Mezard
0%
Saint Michel D'Aurance
0%
Saint Michel De Bannieres
0%
Saint Michel De Boulogne
0%
Saint Michel De Chaillol
0%
Saint Michel De Chavaignes
0%
Saint Michel De Deze
0%
Saint Michel De Double
0%
Saint Michel De Fronsac
0%
Saint Michel De Geoirs
0%
Saint Michel De Lanes
0%
Saint Michel De Lapujade
0%
Saint Michel De Llotes
0%
Saint Michel De Montaigne
0%
Saint Michel D'Euzet
0%
Saint Michel De Vax
0%
Saint Michel De Villadeix
0%
Saint Michel De Volangis
0%
Saint Michel D'Halescourt
0%
Saint Michel En Beaumont
0%
Saint Michel En Brenne
0%
Saint Michel Escalus
0%
Saint Michel Et Chanveaux
0%
Saint Michel Labadie
0%
Saint Michel Loubejou
0%
Saint Michel Sous Bois
0%
Saint Michel Sur Savasse
0%
Saint Momelin
0%
Sainte Montaine
0%
Saint Mury Monteymond
0%
Saint Myon
0%
Saint Nabord Sur Aube
0%
Saint Nazaire D'Aude
0%
Saint Nazaire De Ladarez
0%
Saint Nazaire De Pezan
0%
Saint Nazaire Des Gardies
0%
Sainte Neomaye
0%
Saint Nicolas Aux Bois
0%
Saint Nicolas De La Balerme
0%
Saint Nicolas De La Haie
0%
Saint Nicolas Des Motets
0%
Saint Nizier De Fornas
0%
Saint Nizier Du Moucherotte
0%
Saint Ondras
0%
Saint Oradoux De Chirouze
0%
Saint Oradoux Pres Crocq
0%
Saint Orens Pouy Petit
0%
Sainte Orse
0%
Sainte Osmane
0%
Saint Ost
0%
Saint Ouen De La Cour
0%
Saint Ouen De Pontcheuil
0%
Saint Ouen De Secherouvre
0%
Saint Ouen Du Mesnil Oger
0%
Saint Ouen Du Tilleul
0%
Saint Ouen La Thene
0%
Saint Ouen Les Vignes
0%
Saint Ouen Marchefroy
0%
Saint Ouen Sous Bailly
0%
Saint Ouen Sur Gartempe
0%
Saint Ouen Sur Morin
0%
Saint Outrille
0%
Saint Palais De Negrignac
0%
Saint Palais De Phiolin
0%
Saint Palais Du Ne
0%
Saint Pal De Senouire
0%
Sainte Pallaye
0%
Saint Pancrasse
0%
Saint Pancre
0%
Saint Pandelon
0%
Saint Pantaleon De Lapleau
0%
Saint Pantaly D'Ans
0%
Saint Pantaly D'Excideuil
0%
Saint Pardon De Conques
0%
Saint Pardoult
0%
Saint Pardoux Corbier
0%
Saint Pardoux D'Arnet
0%
Saint Pardoux De Drone
0%
Saint Pardoux Du Breuil
0%
Saint Pardoux Et Vielvic
0%
Saint Pardoux Isaac
0%
Saint Pardoux L'Ortigier
0%
Saint Pardoux Morterolles
0%
Saint Parize En Viry
0%
Saint Parthem
0%
Saint Pastour
0%
Saint Pastous
0%
Saint Paul Aux Bois
0%
Saint Paul De Baise
0%
Saint Paul De Fourques
0%
Saint Paul De Salers
0%
Saint Paul De Serre
0%
Saint Paul D'Espis
0%
Saint Paul De Tartas
0%
Saint Paul De Vern
0%
Saint Paul De Vezelin
0%
Saint Paul D'Izeaux
0%
Saint Paul D'Oueil
0%
Saint Paul D'Uzore
0%
Saint Paul En Chablais
0%
Saint Paul En Gatine
0%
Saint Paulet De Caisson
0%
Saint Paul Et Valmalle
0%
Saint Paul Flaugnac
0%
Saint Paul La Coste
0%
Saint Paul La Roche
0%
Saint Paul Le Froid
0%
Saint Paul Les Fonts
0%
Saint Paul Les Monestier
0%
Saint Paul Lizonne
0%
Saint Paul Sur Isere
0%
Saint Paul Sur Save
0%
Saint Pe D'Ardet
0%
Saint Pe Delbosc
0%
Saint Pe De Leren
0%
Saint Pe Simon
0%
Saint Pey D'Armens
0%
Saint Philbert Sur Boissey
0%
Saint Philbert Sur Risle
0%
Saint Philippe D'Aiguille
0%
Saint Philippe Du Seignal
0%
Saint Pierre A Arnes
0%
Saint Pierre Aigle
0%
Saint Pierre Avez
0%
Saint Pierre Brouck
0%
Saint Pierre Canivet
0%
Saint Pierre Cherignat
0%
Saint Pierre Colamine
0%
Saint Pierre D'Alvey
0%
Saint Pierre D'Amilly
0%
Saint Pierre D'Argencon
0%
Saint Pierre D'Aubezies
0%
Saint Pierre D'Aurillac
0%
Saint Pierre D'Autils
0%
Saint Pierre De Bat
0%
Saint Pierre De Belleville
0%
Saint Pierre De Bressieux
0%
Saint Pierre De Buzet
0%
Saint Pierre De Cherennes
0%
Saint Pierre De Chignac
0%
Saint Pierre De Clairac
0%
Saint Pierre De Colombier
0%
Saint Pierre De Frugie
0%
Saint Pierre De Fursac
0%
Saint Pierre De Genebroz
0%
Saint Pierre De Jards
0%
Saint Pierre De La Fage
0%
Saint Pierre De Lages
0%
Saint Pierre De Lamps
0%
Saint Pierre Dels Forcats
0%
Saint Pierre De Maille
0%
Saint Pierre De Mearoz
0%
Saint Pierre De Mesage
0%
Saint Pierre De Mezoargues
0%
Saint Pierre De Mons
0%
Saint Pierre De Nogaret
0%
Saint Pierre De Riviere
0%
Saint Pierre Des Echaubrognes
0%
Saint Pierre De Semilly
0%
Saint Pierre Des Fleurs
0%
Saint Pierre Des Loges
0%
Saint Pierre Des Ormes
0%
Saint Pierre De Soucy
0%
Saint Pierre De Varennes
0%
Saint Pierre De Vassols
0%
Saint Pierre Du Champ
0%
Saint Pierre Du Fresne
0%
Saint Pierre Du Lorouer
0%
Saint Pierre Du Palais
0%
Saint Pierre Du Val
0%
Saint Pierre Du Vauvray
0%
Saint Pierre En Vaux
0%
Saint Pierre Es Champs
0%
Saint Pierre Eynac
0%
Saint Pierre Jean
0%
Saint Pierre La Bourlhonne
0%
Saint Pierre La Bruyere
0%
Saint Pierre Lafeuille
0%
Saint Pierre La Riviere
0%
Saint Pierre La Roche
0%
Saint Pierre Lavis
0%
Saint Pierre Le Bost
0%
Saint Pierre Le Chastel
0%
Saint Pierre Les Bitry
0%
Saint Pierre Les Bois
0%
Saint Pierre Les Franqueville
0%
Saint Pierre Le Viger
0%
Saint Pierre Sur Doux
0%
Saint Pierre Sur Dropt
0%
Saint Pierre Sur Vence
0%
Saint Pierre Toirac
0%
Saint Pierrevillers
0%
Saint Plancard
0%
Saint Poncy
0%
Saint Pons De Mauchiens
0%
Saint Porquier
0%
Saint Prancher
0%
Saint Prejet Armandon
0%
Saint Priest Bramefant
0%
Saint Priest D'Andelot
0%
Saint Priest De Gimel
0%
Saint Priest En Murat
0%
Saint Priest La Feuille
0%
Saint Priest La Marche
0%
Saint Priest La Plaine
0%
Saint Priest La Prugne
0%
Saint Priest La Vetre
0%
Saint Priest Les Fougeres
0%
Saint Priest Ligoure
0%
Saint Priest Palus
0%
Saint Privat D'Allier
0%
Saint Privat De Champclos
0%
Saint Privat Du Dragon
0%
Saint Privat Du Fau
0%
Saint Prix Les Arnay
0%
Saint Projet Constant
0%
Saint Pryve Mesmin
0%
Saint Quantin De Rancanne
0%
Saint Quentin De Caplong
0%
Saint Quentin De Chalais
0%
Saint Quentin Des Isles
0%
Saint Quentin En Tourmont
0%
Saint Quentin La Chabanne
0%
Saint Quentin La Tour
0%
Saint Quentin Le Petit
0%
Saint Quentin Les Chardonnets
0%
Saint Quentin Sur Charente
0%
Saint Quentin Sur Coole
0%
Saint Quentin Sur Indrois
0%
Saint Quentin Sur Isere
0%
Saint Quentin Sur Nohain
0%
Saint Quentin Sur Sauxillanges
0%
Saint Quintin Sur Sioule
0%
Saint Quirc
0%
Sainte Ramee
0%
Saint Regle
0%
Sainte Reine De Bretagne
0%
Saint Remy Au Bois
0%
Saint Remy Aux Bois
0%
Saint Remy Blanzy
0%
Saint Remy Chaussee
0%
Saint Remy De Chargnat
0%
Saint Remy De Chaudes Aigues
0%
Saint Remy En Bouzemont Genest Et Isson
0%
Saint Remy En L'Eau
0%
Saint Remy En Rollat
0%
Saint Remy La Calonne
0%
Saint Remy La Varenne
0%
Saint Remy Le Petit
0%
Saint Remy Sur Creuse
0%
Saint Rimay
0%
Saint Riquier En Riviere
0%
Saint Romain D'Ay
0%
Saint Romain De Jalionas
0%
Saint Romain De Lerps
0%
Saint Romain De Monpazier
0%
Saint Romain De Surieu
0%
Saint Romain En Jarez
0%
Saint Romain Et Clement
0%
Saint Romain Lachalm
0%
Saint Romain La Virvee
0%
Saint Romain Le Noble
0%
Saint Romain Le Puy
0%
Saint Romain Les Atheux
0%
Saint Romain Sur Gironde
0%
Saint Roman De Codieres
0%
Saint Roman De Malegarde
0%
Saint Romans Des Champs
0%
Saint Romans Les Melle
0%
Saint Rome De Dolan
0%
Sainte Ruffine
0%
Saint Rustice
0%
Saint Salvi De Carcaves
0%
Saint Salvy De La Balme
0%
Saint Samson La Poterie
0%
Saint Santin De Maurs
0%
Saint Saturnin De Lenne
0%
Saint Saturnin De Lucian
0%
Saint Saturnin Sur Loire
0%
Saint Sauveur De Flee
0%
Saint Sauveur De Ginestoux
0%
Saint Sauveur De Meilhan
0%
Saint Sauveur De Peyre
0%
Saint Sauveur De Puynormand
0%
Saint Sauveur En Diois
0%
Saint Sauveur Lalande
0%
Saint Sauveur La Sagne
0%
Saint Sauveur Les Bray
0%
Saint Sauveur Marville
0%
Saint Sauveur Sur Ecole
0%
Saint Sauvier
0%
Saint Sebastien D'Aigrefeuille
0%
Sainte Segree
0%
Saint Series
0%
Saint Sernin Les Lavaur
0%
Saint Seurin De Bourg
0%
Saint Seurin De Palenne
0%
Saint Sever De Rustan
0%
Saint Sever De Saintonge
0%
Saint Sever Du Moustier
0%
Saint Severin D'Estissac
0%
Saint Severin Sur Boutonne
0%
Saint Sigismond De Clermont
0%
Saint Silvain Bas Le Roc
0%
Saint Silvain Montaigut
0%
Saint Silvain Sous Toulx
0%
Saint Simeux
0%
Saint Sorlin De Conac
0%
Saint Sorlin De Morestel
0%
Saint Sornin La Marche
0%
Sainte Souline
0%
Saint Souplet Sur Py
0%
Saint Sozy
0%
Saint Sulpice D'Arnoult
0%
Saint Sulpice De Faleyrens
0%
Saint Sulpice De Grimbouville
0%
Saint Sulpice De Guilleragues
0%
Saint Sulpice De Mareuil
0%
Saint Sulpice De Pommeray
0%
Saint Sulpice De Pommiers
0%
Saint Sulpice De Roumagnac
0%
Saint Sulpice De Ruffec
0%
Saint Sulpice Des Rivoires
0%
Saint Sulpice D'Excideuil
0%
Saint Sulpice Le Dunois
0%
Saint Sulpice Le Gueretois
0%
Saint Sulpice Sur Leze
0%
Saint Sylvestre Pragoulin
0%
Saint Sylvestre Sur Lot
0%
Saint Symphorien D'Ancelles
0%
Saint Symphorien De Mahun
0%
Saint Symphorien De Thenieres
0%
Saint Symphorien Sur Saone
0%
Saint Theoffrey
0%
Saint Thiebault
0%
Saint Thomas La Garde
0%
Sainte Thorette
0%
Saint Tricat
0%
Sainte Trie
0%
Saint Vaast De Longmont
0%
Saint Vaast D'Equiqueville
0%
Saint Vaast Du Val
0%
Saint Vaast En Cambresis
0%
Saint Vaast En Chaussee
0%
Saint Vaast Les Mello
0%
Saint Vaize
0%
Saint Valbert
0%
Sainte Valiere
0%
Saint Vallier De Thiey
0%
Saint Vallier Sur Marne
0%
Sainte Vaubourg
0%
Saint Verain
0%
Saint Victor De Cessieu
0%
Saint Victor De Morestel
0%
Saint Victor Des Oules
0%
Saint Victor En Marche
0%
Saint Victor L'Abbaye
0%
Saint Victor La Coste
0%
Saint Victor Malescours
0%
Saint Victor Montvianeix
0%
Saint Victor Rouzaud
0%
Saint Victor Sur Arlanc
0%
Saint Victor Sur Avre
0%
Saint Victor Sur Ouche
0%
Saint Victor Sur Rhins
0%
Saint Victour
0%
Saint Vigor Des Mezerets
0%
Saint Vincent Cramesnil
0%
Saint Vincent D'Autejac
0%
Saint Vincent De Barbeyrargues
0%
Saint Vincent De Connezac
0%
Saint Vincent De Cosse
0%
Saint Vincent De Durfort
0%
Saint Vincent De Lamontjoie
0%
Saint Vincent De Mercuze
0%
Saint Vincent De Pertignas
0%
Saint Vincent D'Olargues
0%
Saint Vincent Du Pendit
0%
Saint Vincent Jalmoutiers
0%
Saint Vincent La Chatre
0%
Saint Vincent La Commanderie
0%
Saint Vincent Le Paluel
0%
Saint Vincent Lespinasse
0%
Saint Vincent Rive D'Olt
0%
Saint Vincent Sterlanges
0%
Saint Vincent Sur L'Isle
0%
Saint Vital
0%
Saint Vitte Sur Briance
0%
Saint Vivien De Blaye
0%
Saint Yrieix Les Bois
0%
Saint Yrieix Sous Aixe
0%
Saint Ythaire
0%
Aucun quiz correspondant
Distribution des résultats
% des personnes avec chaque résultat
Percentile par nombre de réponses
Votre historique - résultats
Vous n’avez pas pris ce quiz